All Croatia settlements - Statistics

General Stats
  • This quiz has been taken 83 times
  • The average score is 185 of 6754
Answers on the Map
Answers color-coded by a green-red scale on the quiz's map according to % correct below.
 
Answer Stats
Answer % Correct
Zagreb
66%
Split
60%
Zadar
54%
Pula
52%
Dubrovnik
50%
Kašt
46%
Kaštel
44%
Osijek
44%
Karlovac
42%
Krk
42%
Rijeka
42%
Vis
42%
Vukovar
42%
Novi Grad
40%
Novigrad
40%
Rovinj
40%
Sisak
40%
Stari Grad
40%
Starigrad
40%
Makarska
38%
Otok
38%
Rab
38%
Ilok
36%
Imotski
36%
Podstrana - Strožanac Donji
36%
Slavonski Brod
36%
Trogir
36%
Vir
36%
Gospić
34%
Hvar
34%
Knin
34%
Pag
34%
Umag
34%
Velika
34%
Borovo
32%
Kom
32%
Križ
32%
Paz
32%
Pazin
32%
Poreč
32%
Sesvete
32%
Sibenik
32%
Šibenik
32%
Vinkovci
32%
Župa
32%
Biograd na Moru
30%
Cres
30%
Metković
30%
Opatija
30%
Petrinja
30%
Podstrana - Strožanac Gornji
30%
Solin
30%
Sveti Petar
30%
Varaždin
30%
Vodice
30%
Đakovo
28%
Dubrava
28%
Glina
28%
Koprivnica
28%
Omiš
28%
Požega
28%
Samobor
28%
Senj
28%
Ston
28%
Velika Gorica
28%
Beli
26%
Bol
26%
Cavtat
26%
Hrvatska Kostajnica
26%
Kali
26%
Karlobag
26%
Kaštel Kambelovac
26%
Kaštel Novi
26%
Kaštel Stari
26%
Krapina
26%
Labin
26%
Obrovac
26%
Otočac
26%
Poljica
26%
Županja
26%
Babina Greda
24%
Benkovac
24%
Blato
24%
Buk
24%
Jasenovac
24%
Kaštel Gomilica
24%
Klis
24%
Kuk
24%
Luč
24%
Nova Gradiška
24%
Ogulin
24%
Ploče
24%
Primošten
24%
Sinj
24%
Slatina
24%
Sveta Marija
24%
Virovitica
24%
Zaton
24%
Bjelovar
22%
Buje
22%
Buzet
22%
Čakovec
22%
Crno
22%
Dol
22%
Drniš
22%
Erdut
22%
Fažana
22%
Gora
22%
Gračac
22%
Kaštel Sućurac
22%
Križevci
22%
Kumrovec
22%
Kutina
22%
Lič
22%
Luka
22%
Našice
22%
Nin
22%
Novalja
22%
Sveti Ivan
22%
Tkon
22%
Trilj
22%
Vrlika
22%
Baška
20%
Bosiljevo
20%
Bošnjaci
20%
Dugopolje
20%
Dvor
20%
Gornji Karin
20%
Hum
20%
Jezera
20%
Kaštel Lukšić
20%
Kras
20%
Kutjevo
20%
Lovinac
20%
Mali Lošinj
20%
Maslenica
20%
Novi Vinodolski
20%
Podstrana - Sv. Martin
20%
Rupa
20%
Sali
20%
Slunj
20%
Stara Gradiška
20%
Vid
20%
Višnjan
20%
Vodnjan
20%
Vrh
20%
Beli Manastir
18%
Crikvenica
18%
Daruvar
18%
Delnice
18%
Donji Karin
18%
Draga
18%
Gola
18%
Grab
18%
Gunja
18%
Jabuka
18%
Jastrebarsko
18%
Kistanje
18%
Lički Osik
18%
Lučko
18%
Lun
18%
Martin
18%
Motovun
18%
Murter
18%
Pakrac
18%
Pirovac
18%
Poličnik
18%
Privlaka
18%
Rakovica
18%
Selce
18%
Sukošan
18%
Supetar
18%
Suša
18%
Sveti Martin
18%
Sveti Rok
18%
Tribunj
18%
Vela Luka
18%
Vrgorac
18%
Zaprešić
18%
Banj
16%
Bibinje
16%
Bilice
16%
Brest
16%
Cetina
16%
Donji Miholjac
16%
Dugo Selo
16%
Gorica
16%
Islam Grčki
16%
Ist
16%
Jablan
16%
Jasenice
16%
Kaštel Štafilić
16%
Kijevo
16%
Korčula
16%
Krš
16%
Kukljić
16%
Kukljica
16%
Kula
16%
Lastovo
16%
Lipik
16%
Lovreć
16%
Medulin
16%
Omišalj
16%
Opuzen
16%
Polača
16%
Poljana
16%
Popovići
16%
Posedarje
16%
Preko
16%
Punat
16%
Rovanjska
16%
Seline
16%
Selo
16%
Sveti Petar u Šumi
16%
Tar
16%
Tuhelj
16%
Ugljan
16%
Valpovo
16%
Varaždinske Toplice
16%
Vrana
16%
Zaton Obrovački
16%
Bakar
14%
Bale
14%
Barilović
14%
Biskupija
14%
Breg
14%
Brinje
14%
Drače
14%
Đurđevac
14%
Fužine
14%
Ivanić-Grad
14%
Josipdol
14%
Kamen
14%
Kanfanar
14%
Korlat
14%
Kornati
14%
Kraljevica
14%
Lokve
14%
Lovran
14%
Malinska
14%
Nijemci
14%
Otrić
14%
Pakoštane
14%
Pašman
14%
Plitvička Jezera
14%
Polje
14%
Popovac
14%
Prozor
14%
Skrad
14%
Slavonski Šamac
14%
Štitar
14%
Sveti Filip i Jakov
14%
Sveti Josip
14%
Sveti Juraj
14%
Tounj
14%
Triban
14%
Trpinja
14%
Vrbanj
14%
Vrbnik
14%
Vrbovsko
14%
Vrpolje
14%
Zelengrad
14%
Zemunik Donji
14%
Zemunik Gornji
14%
Bela
12%
Betina
12%
Brdo
12%
Buković
12%
Čabar
12%
Čepin
12%
Čilipi
12%
Civljane
12%
Donji Lapac
12%
Dračevac
12%
Dubrave
12%
Dubravica
12%
Duga Resa
12%
Gačice
12%
Gaj
12%
Gornji Lapac
12%
Gornji Poličnik
12%
Gradac
12%
Gradište
12%
Grožnjan
12%
Hrvatska Dubica
12%
Hrvatsko
12%
Hum na Sutli
12%
Islam Latinski
12%
Jelsa
12%
Kapela
12%
Klek
12%
Kosa
12%
Kostrena
12%
Kraj
12%
Krašić
12%
Krnjak
12%
Kula Norinska
12%
Lipovac
12%
Ludbreg
12%
Mala Subotica
12%
Matulji
12%
Mihalj
12%
Mirkovci
12%
Mlaka
12%
Mlini
12%
Molat
12%
Mošćenička Draga
12%
Novo Selo
12%
Novska
12%
Nuštar
12%
Oklaj
12%
Orebić
12%
Petrovo Selo
12%
Plaški
12%
Podgradina
12%
Popovača
12%
Prelog
12%
Pridraga
12%
Raša
12%
Rogoznica
12%
Rovinjsko Selo
12%
Ružić
12%
Sela
12%
Šestanovac
12%
Silba
12%
Skradin
12%
Smoković
12%
Sop
12%
Srb
12%
Stari Jankovci
12%
Stobreč
12%
Sunja
12%
Susak
12%
Sveti Ivan Zelina
12%
Tisno
12%
Tovarnik
12%
Trn
12%
Tuheljske Toplice
12%
Udbina
12%
Veli Iž
12%
Viškovo
12%
Vojnić
12%
Vrbanja
12%
Vrbovec
12%
Zagvozd
12%
Žminj
12%
Andrijaševci
10%
Antunovac
10%
Baćin
10%
Belišće
10%
Bijelo Brdo
10%
Bisko
10%
Bobota
10%
Brodarica
10%
Brtonigla
10%
Buzin
10%
Čavle
10%
Čavoglave
10%
Čazma
10%
Cerna
10%
Cetingrad
10%
Cista Provo
10%
Čista Velika
10%
Cista Velika
10%
Crnac
10%
Dalj
10%
Darda
10%
Đevrske
10%
Doli
10%
Doljan
10%
Draganić
10%
Draž
10%
Drenovci
10%
Đuba
10%
Duba
10%
Ernestinovo
10%
Ervenik
10%
Funtana
10%
Galižana
10%
Generalski Stol
10%
Gorjani
10%
Gornji Miholjac
10%
Gradina
10%
Grudnjak
10%
Hercegovac
10%
Hrvace
10%
Ivankovo
10%
Jakšić
10%
Jovići
10%
Kašić
10%
Klinča Sela
10%
Kloštar
10%
Komiža
10%
Konjsko
10%
Korenica
10%
Kožino
10%
Krasno
10%
Križpolje
10%
Kupa
10%
Lasinja
10%
Ledenik
10%
Lekenik
10%
Lepoglava
10%
Ližnjan
10%
Lovas
10%
Lug
10%
Lukoran
10%
Lupoglav
10%
Lužan
10%
Majur
10%
Mali Iž
10%
Mali Prolog
10%
Marija Bistrica
10%
Markovac
10%
Markušica
10%
Martinska Ves
10%
Međa
10%
Medak
10%
Moravice
10%
Negoslavci
10%
Neviđane
10%
Njivice
10%
Olib
10%
Orah
10%
Orič
10%
Peroj
10%
Petrčane
10%
Petrova Gora
10%
Plavno
10%
Pleternica
10%
Potok
10%
Povlja
10%
Premantura
10%
Prizna
10%
Raba
10%
Ražanac
10%
Rupalj
10%
Saborsko
10%
Savudrija
10%
Šimuni
10%
Škabrnja
10%
Špičkovina
10%
Srijem
10%
Stankovci
10%
Stari Mikanovci
10%
Stolac
10%
Sutomišćica
10%
Sveta Ana
10%
Sveti Ilija
10%
Sveti Martin na Muri
10%
Sveti Petar na Moru
10%
Svetvinčenat
10%
Tribanj
10%
Veliki Prolog
10%
Visočane
10%
Vranjic
10%
Vrbova
10%
Vrhovine
10%
Vrsi
10%
Zrmanja
10%
Zut
10%
Ada
8%
Alan
8%
Babindub
8%
Baćina
8%
Banjol
8%
Barban
8%
Baška Voda
8%
Batina
8%
Bednja
8%
Biševo
8%
Bistrica
8%
Blace
8%
Bogdanovci
8%
Brbinj
8%
Bregana
8%
Brela
8%
Breza
8%
Bribir
8%
Briševo
8%
Brod Moravice
8%
Brod na Kupi
8%
Cerić
8%
Čigoč
8%
Crni
8%
Debeljak
8%
Donje Biljane
8%
Donji Kašić
8%
Donji Kukuruzari
8%
Drašković
8%
Drežnik
8%
Đurmanec
8%
Filipi
8%
Galovac
8%
Gomirje
8%
Goričan
8%
Gornje Biljane
8%
Grabovac
8%
Grbe
8%
Greda
8%
Grgurice
8%
Grobnik
8%
Ičići
8%
Ivanje
8%
Jabukovac
8%
Jagodnjak
8%
Jarmina
8%
Jošani
8%
Jurandvor
8%
Jurići
8%
Kamanje
8%
Kamensko
8%
Kastav
8%
Kik
8%
Klenovnik
8%
Kninsko Polje
8%
Komarna
8%
Komin
8%
Komletinci
8%
Korana
8%
Kostanj
8%
Kotlenice
8%
Kruševo
8%
Kula Atlagić
8%
Lanišće
8%
Ličko Petrovo Selo
8%
Lišane Ostrovičke
8%
Lobor
8%
Lopar
8%
Mače
8%
Malino
8%
Marinci
8%
Matijevići
8%
Mece
8%
Medviđa
8%
Mihovljan
8%
Modruš
8%
Mošćenica
8%
Muntić
8%
Mursko Središće
8%
Murvica
8%
Murvica Gornja
8%
Netretić
8%
Ninski Stanovi
8%
Novigrad Podravski
8%
Novi Jankovci
8%
Novi Marof
8%
Nunić
8%
Okučani
8%
Oštarije
8%
Ozalj
8%
Paljuv
8%
Perušić
8%
Počitelj
8%
Podravske Sesvete
8%
Pokupsko
8%
Porat
8%
Postira
8%
Povljana
8%
Premuda
8%
Presika
8%
Prkos
8%
Pučišća
8%
Radovin
8%
Raduč
8%
Ramljani
8%
Rastoke
8%
Ravna Gora
8%
Rebić
8%
Ribnik
8%
Ričice
8%
Roč
8%
Rogotin
8%
Rokovci
8%
Rtina
8%
Selca
8%
Selina
8%
Selnica
8%
Šenkovec
8%
Šišan
8%
Slakovci
8%
Slivnica
8%
Slivno
8%
Smilčić
8%
Šodolovci
8%
Stara Baška
8%
Suhovare
8%
Sveta Nedelja
8%
Sveti Križ
8%
Tenja
8%
Tinj
8%
Tompojevci
8%
Topusko
8%
Tordinci
8%
Trg
8%
Trnje
8%
Uzdolje
8%
Vabriga
8%
Valbandon
8%
Velika Mlaka
8%
Veliko Trgovišće
8%
Veli Lošinj
8%
Veljun
8%
Vinjerac
8%
Virje
8%
Vrata
8%
Vrginmost
8%
Vrsar
8%
Vuka
8%
Zabok
8%
Žakanje
8%
Zdenci
8%
Zmijavci
8%
Zrin
8%
Žuta Lokva
8%
Antin
6%
Bakovac Kosinjski
6%
Banja
6%
Banjole
6%
Banovci
6%
Bapska
6%
Barići
6%
Bašanija
6%
Bast
6%
Beč
6%
Belavići
6%
Belica
6%
Benkovačko Selo
6%
Bijeli Vir
6%
Bilišane
6%
Bilje
6%
Bizovac
6%
Bjelopolje
6%
Blagaj
6%
Blata
6%
Blato na Cetini
6%
Bojna
6%
Bokšić
6%
Bosanci
6%
Brestovac
6%
Breze
6%
Brezje
6%
Breznica
6%
Breznički Hum
6%
Brezova
6%
Brezovac
6%
Brezovica
6%
Brig
6%
Brist
6%
Bruvno
6%
Bukovica
6%
Bunić
6%
Bunjevci
6%
Čaglin
6%
Čanak
6%
Ćelije
6%
Celine
6%
Čeminac
6%
Cerje
6%
Čista Mala
6%
Čitluk
6%
Dabar
6%
Davor
6%
Dekanovec
6%
Đeletovci
6%
Dobrinj
6%
Dolac
6%
Doljani
6%
Donja Dubrava
6%
Donje Dubrave
6%
Donji Andrijevci
6%
Donji Daruvar
6%
Donji Kosinj
6%
Donji Proložac
6%
Donji Vinjani
6%
Dračevac Ninski
6%
Drage
6%
Dražice
6%
Drenje
6%
Drežnica
6%
Drežnik Grad
6%
Dugi Rat
6%
Dvori
6%
Ferdinandovac
6%
Ferenci
6%
Gajić
6%
Garčin
6%
Garešnica
6%
Gejkovac
6%
Glušci
6%
Gornja Dubrava
6%
Gornja Stubica
6%
Gornje Dubrave
6%
Gornji Kosinj
6%
Gornji Vinjani
6%
Grabovo
6%
Grabovo-dio (Ovčara, Jakobovac)
6%
Grubišno Polje
6%
Hajdine
6%
Hlebine
6%
Horvati
6%
Hrastin
6%
Hrastovac
6%
Hreljin
6%
Hrvatski Leskovac
6%
Hrvatsko Selo
6%
Ika
6%
Ilača
6%
Ivanec
6%
Ivanja Reka
6%
Ivanovac
6%
Ivanovo
6%
Jadranovo
6%
Janjina
6%
Jasenak
6%
Jezerane
6%
Jezerce
6%
Jezero
6%
Josipovac
6%
Juršići
6%
Kalinovac
6%
Kapelica
6%
Kaprije
6%
Kaptol
6%
Karadžićevo
6%
Kaštelir
6%
Katun
6%
Klana
6%
Klanjec
6%
Ključ
6%
Kneževi Vinogradi
6%
Kopačevo
6%
Kosi
6%
Koška
6%
Kozjak
6%
Kraljevec na Sutli
6%
Krapan
6%
Krapinske Toplice
6%
Krasica
6%
Kravarsko
6%
Krč
6%
Križ Kamenica
6%
Krneza
6%
Krnica
6%
Kruge
6%
Krunčići
6%
Krupa
6%
Kruškovac
6%
Kučine
6%
Labinci
6%
Latin
6%
Lećevica
6%
Legrad
6%
Ličko Cerje
6%
Ličko Lešće
6%
Ličko Novo Selo
6%
Lipice
6%
Lipovača
6%
Lipovljani
6%
Ljeskovac
6%
Loborika
6%
Lokvičići
6%
Lopud
6%
Lubenice
6%
Lukar
6%
Lumbarda
6%
Mala Mlaka
6%
Malinovac
6%
Marčan
6%
Marčana
6%
Mazin
6%
Mirkovac
6%
Mišljenovac
6%
Mogorić
6%
Mohovo
6%
Mokošica
6%
Molunat
6%
Mravince
6%
Mrkopalj
6%
Mugeba
6%
Muškovci
6%
Nadin
6%
Nemetin
6%
Nova Sela
6%
Novi Mikanovci
6%
Novo Čiče
6%
Novo Selo Rok
6%
Oćestovo
6%
Odra
6%
Orahovica
6%
Orehovica
6%
Orle
6%
Orlić
6%
Oroslavje
6%
Otrić-Seoci
6%
Pačetin
6%
Paklenica
6%
Palagruža
6%
Petlovac
6%
Petrovići
6%
Pićan
6%
Pinezići
6%
Pisarovina
6%
Pitomača
6%
Pješčana Uvala
6%
Podaca
6%
Podgora
6%
Podrinje
6%
Poljane
6%
Pomer
6%
Posavski Podgajci
6%
Potok Musulinski
6%
Pozla Gora
6%
Pregrada
6%
Prevlaka
6%
Prkovci
6%
Prud
6%
Prvić Luka
6%
Prvić Šepurine
6%
Rabac
6%
Rakalj
6%
Rakovci
6%
Rakovec
6%
Raštević
6%
Rava
6%
Rim
6%
Rupe
6%
Ružići
6%
Salopek Selo
6%
Šarengrad
6%
Šarići
6%
Selište
6%
Sibinj
6%
Sikirevci
6%
Sirač
6%
Slano
6%
Smiljan
6%
Smokvica
6%
Smoljanci
6%
Soline
6%
Srima
6%
Stara Novalja
6%
Staro Petrovo Selo
6%
Staro Selo
6%
Strelec
6%
Strmica
6%
Strošinci
6%
Sućuraj
6%
Sutivan
6%
Suza
6%
Sveti Donat
6%
Sveti Đurđ
6%
Sveti Jakov
6%
Sveti Križ Začretje
6%
Svib
6%
Švica
6%
Svilaj
6%
Tinjan
6%
Trakošćan
6%
Trpanj
6%
Tučepi
6%
Tuk
6%
Tuk Mrkopaljski
6%
Tuk Vojni
6%
Turčin
6%
Turčišće
6%
Turjanski
6%
Turopolje
6%
Tužno
6%
Unije
6%
Velić
6%
Veli Rat
6%
Vera
6%
Vinica
6%
Vinkuran
6%
Visoko
6%
Vižinada
6%
Vlašići
6%
Voćin
6%
Vode
6%
Vođinci
6%
Vodoteč
6%
Vrbani
6%
Vrbovac
6%
Vrgada
6%
Vukelići
6%
Zadvarje
6%
Zaglav
6%
Zambratija
6%
Zaostrog
6%
Zapuntel
6%
Žirje
6%
Živaja
6%
Živogošće
6%
Zlarin
6%
Zlatna Greda
6%
Žumberak
6%
Zvekovica
6%
Adamovec
4%
Aljmaš
4%
Antonci
4%
Apševci
4%
Aržano
4%
Babići
4%
Babino Polje
4%
Bačva
4%
Bajkini
4%
Bakarac
4%
Banova Jaruga
4%
Barbat
4%
Bartići
4%
Bartolovec
4%
Bater
4%
Bedekovčina
4%
Belo
4%
Berak
4%
Berek
4%
Beretinec
4%
Bibići
4%
Bičići
4%
Bilaj
4%
Bilo
4%
Biočić
4%
Blatuša
4%
Bogdanovići
4%
Bok Palanječki
4%
Boričevac
4%
Borinići
4%
Borovci
4%
Boškari
4%
Bosna
4%
Botovo
4%
Bović
4%
Brajkovići
4%
Branjin Vrh
4%
Bratulići
4%
Brđani
4%
Brdovec
4%
Brečići
4%
Bregi
4%
Brezovac Dobroselski
4%
Brgod
4%
Brgulje
4%
Brlog
4%
Brnaze
4%
Brodski Stupnik
4%
Brovinje
4%
Bučje
4%
Budak
4%
Budaševo
4%
Bukevje
4%
Bukovlje
4%
Buk Vlaka
4%
Bulić
4%
Burići
4%
Bušević
4%
Butkovići
4%
Buzeta
4%
Bužim
4%
Čabrunići
4%
Čačinci
4%
Čađavica
4%
Čara
4%
Čehovec
4%
Cerje Nebojse
4%
Cerje Tužno
4%
Cernik
4%
Cerovlje
4%
Červar
4%
Červar-Porat
4%
Čibača
4%
Cirkovljan
4%
Čižići
4%
Ćojluk
4%
Cokuni
4%
Čovići
4%
Čret
4%
Čuki
4%
Čukovec
4%
Cukrići
4%
Dajla
4%
Danci
4%
Dani
4%
Danilo
4%
Deklići
4%
Desno Željezno
4%
Divoš
4%
Divšići
4%
Dnopolje
4%
Dobropoljana
4%
Dobroselo
4%
Dolina
4%
Domašinec
4%
Donja Stubica
4%
Donja Voća
4%
Donja Vrba
4%
Donje Jesenje
4%
Donje Komarevo
4%
Donje Novo Selo
4%
Donje Raštane
4%
Donje Zagorje
4%
Donji Babin Potok
4%
Donji Hrašćan
4%
Donji Kraljevec
4%
Donji Mihaljevec
4%
Donji Muć
4%
Donji Pustakovec
4%
Donji Šajn
4%
Donji Štrbci
4%
Donji Stupnik
4%
Draga Bašćanska
4%
Dragoslavec
4%
Dragoslavec Breg
4%
Dragović
4%
Draškovec
4%
Drinovci
4%
Drnek
4%
Držimurec
4%
Duboka
4%
Dubovac
4%
Dubravice
4%
Duga Luka
4%
Dugo Selo Lasinjsko
4%
Dujmić Selo
4%
Đulovac
4%
Đurići
4%
Farkaševac
4%
Ferketinec
4%
Filipana
4%
Filipići
4%
Flengi
4%
Foli
4%
Frkašić
4%
Fuškulin
4%
Gaboš
4%
Gaćelezi
4%
Gajana
4%
Gajine
4%
Gardinovec
4%
Gat
4%
Gerovo
4%
Glavani
4%
Glavica
4%
Glibodol
4%
Golaš
4%
Gondolići
4%
Gora Glušići
4%
Gorani
4%
Goriš
4%
Gornja Ploča
4%
Gornja Voća
4%
Gornja Vrba
4%
Gornje Jesenje
4%
Gornje Komarevo
4%
Gornje Raštane
4%
Gornje Vrhovine
4%
Gornje Zagorje
4%
Gornji Andrijevci
4%
Gornji Babin Potok
4%
Gornji Daruvar
4%
Gornji Hrašćan
4%
Gornji Kraljevec
4%
Gornji Muć
4%
Gornji Proložac
4%
Gornji Šajn
4%
Gornji Štrbci
4%
Gornji Stupnik
4%
Goveđari
4%
Gračišće
4%
Gradec
4%
Gradinje
4%
Grandići
4%
Grebaštica
4%
Gruda
4%
Gundinci
4%
Gvozdansko
4%
Hemuševec
4%
Hodošan
4%
Hrastovica
4%
Hrboki
4%
Hreljići
4%
Hrib
4%
Hrvatsko Polje
4%
Hrženica
4%
Ilovik
4%
Ivanovec
4%
Ivanska
4%
Ivoševci
4%
Jablanac
4%
Jadreški
4%
Jadrtovac
4%
Jadruhi
4%
Jakovlje
4%
Jakšići
4%
Jaruge
4%
Jasenovica
4%
Jelenje
4%
Jelovice
4%
Jurdani
4%
Jurićev Kal
4%
Jušići
4%
Kaldrma
4%
Kalinovica
4%
Kamenica
4%
Karojba
4%
Katoro
4%
Kavran
4%
Kestenovac
4%
Klisa
4%
Klobučak
4%
Klokoč
4%
Kloštar Podravski
4%
Kobilić
4%
Kobiljača
4%
Koločep
4%
Komarnica
4%
Konjevrate
4%
Konjščina
4%
Koprivnički Bregi
4%
Koprivnički Ivanec
4%
Kornić
4%
Korog
4%
Koromačno
4%
Koromani
4%
Kosore
4%
Kosovac
4%
Kostanje
4%
Kostel
4%
Kotoriba
4%
Kovači
4%
Kozarac
4%
Kožljani
4%
Kranjci
4%
Kranjčići
4%
Krapje
4%
Krbava
4%
Kremena
4%
Krištanovec
4%
Križovljan
4%
Krmed
4%
Kršan
4%
Krvavac
4%
Krvavac II
4%
Kujići
4%
Kukci
4%
Kukuljanovo
4%
Kunić
4%
Kunj
4%
Kurjak
4%
Kusonje
4%
Lalići
4%
Lašići
4%
Laslovo
4%
Laze
4%
Lazi
4%
Letinac
4%
Letovanić
4%
Lički Čitluk
4%
Lički Novi
4%
Lijevo Željezno
4%
Lindar
4%
Lipa
4%
Lipovec
4%
Lipovlje
4%
Livade
4%
Ljubač
4%
Ljubešćica
4%
Ljubošina
4%
Lonja
4%
Lovrečica
4%
Lozovac
4%
Lukač
4%
Luke
4%
Lukovo
4%
Lužani
4%
Macinec
4%
Mačkovec
4%
Madžari
4%
Majer
4%
Majkovi
4%
Majške Međe
4%
Mala Gorica
4%
Malešević Selo
4%
Mali Bukovec
4%
Mali Golji
4%
Mali Mihaljevec
4%
Mali Ston
4%
Mali Vareški
4%
Mali Zdenci
4%
Manjadvorci
4%
Marasi
4%
Marceljani
4%
Mareda
4%
Marići
4%
Marija Gorica
4%
Marina
4%
Markovići
4%
Marof
4%
Martijanec
4%
Maruševec
4%
Marušići
4%
Maružini
4%
Matase
4%
Matići
4%
Mečenčani
4%
Medaki
4%
Melinovac
4%
Melnica
4%
Merhatovec
4%
Mihaljevac
4%
Mihaljevci
4%
Miljevci
4%
Milna
4%
Miočić
4%
Mlaka Antinska
4%
Mlinište
4%
Momići
4%
Most
4%
Most-Raša
4%
Mraclin
4%
Mrežnica
4%
Mrljane
4%
Murine
4%
Mušalež
4%
Musulini
4%
Mutvoran
4%
Nebljusi
4%
Nedelišće
4%
Nerezine
4%
Nerežišća
4%
Nikšići
4%
Nova Kapela
4%
Novaki
4%
Nova Vas
4%
Novi Bezdan
4%
Novi Čeminac
4%
Novo Nevesinje
4%
Novo Pračno
4%
Novo Selo na Dravi
4%
Novo Selo Palanječko
4%
Novo Virje
4%
Odra Sisačka
4%
Okrug Donji
4%
Okrug Gornji
4%
Ondić
4%
Opatovac
4%
Oporovec
4%
Oprtalj
4%
Oraovac
4%
Orbani
4%
Orbanići
4%
Orihi
4%
Oriovac
4%
Orolik
4%
Orubica
4%
Osor
4%
Ostrovica
4%
Otišić
4%
Palinovec
4%
Palovec
4%
Pasjak
4%
Paulin Dvor
4%
Pavićini
4%
Peklenica
4%
Perci
4%
Perković
4%
Perna
4%
Peruški
4%
Pešćenica
4%
Petrijanec
4%
Petrijevci
4%
Petrovci
4%
Petrovec
4%
Petrovija
4%
Petrovsko
4%
Plat
4%
Pleš
4%
Pločice
4%
Plomin
4%
Plovanija
4%
Podcrkavlje
4%
Podi
4%
Podrujnica
4%
Poljanak
4%
Poljice
4%
Ponikve
4%
Prekopa
4%
Prezid
4%
Prhati
4%
Pribislavec
4%
Primorski Dolac
4%
Pristeg
4%
Prnjavor
4%
Prodol
4%
Prokike
4%
Pržinovac
4%
Puntera
4%
Pušća
4%
Pušćine
4%
Račinovci
4%
Radići
4%
Radmani
4%
Radoboj
4%
Rajevo Selo
4%
Rajki
4%
Rakitovec
4%
Rapain Klanac
4%
Raponji
4%
Rasinja
4%
Raslina
4%
Rastovac
4%
Ravni
4%
Rebići
4%
Rečica
4%
Režanci
4%
Ripenda Kras
4%
Ripenda Verbanci
4%
Robadje
4%
Rogočana
4%
Rogovići
4%
Rojnići
4%
Ruda
4%
Rudopolje
4%
Rugvica
4%
Rujevac
4%
Runović
4%
Šajini
4%
Salakovci
4%
Salambati
4%
Šandorovec
4%
Šarić Struga
4%
Sarvaš
4%
Satnica
4%
Šećerana
4%
Seget
4%
Šegotići
4%
Selna
4%
Selno
4%
Seoci
4%
Sestrunj
4%
Sikovo
4%
Šiškovci
4%
Sitno
4%
Sitno Donje
4%
Skitača
4%
Skvaranska
4%
Slakovec
4%
Slanje
4%
Sleme
4%
Slemenice
4%
Šljivoševci
4%
Slovinci
4%
Slunjčica
4%
Smokrić
4%
Smrtić
4%
Snašići
4%
Soljani
4%
Sopot
4%
Šopot
4%
Sotin
4%
Špišić Bukovica
4%
Sračinec
4%
Srijemske Laze
4%
Stajnica
4%
Stanić
4%
Stanišovi
4%
Stari Perkovci
4%
Staro Pračno
4%
Staševica
4%
Štefanje
4%
Štikada
4%
Štokovci
4%
Strahoninec
4%
Strana
4%
Štrigova
4%
Stružec
4%
Stubičke Toplice
4%
Stupno
4%
Subocka
4%
Suhopolje
4%
Sumartin
4%
Šumet
4%
Supetarska Draga
4%
Švajcarnica
4%
Sveta Jelena
4%
Sveta Katarina
4%
Sveta Lucija
4%
Sveta Marina
4%
Sveta Nedjelja
4%
Sveti Anton
4%
Sveti Bartul
4%
Sveti Ivan Žabno
4%
Sveti Juraj u Trnju
4%
Sveti Lovreč Labinski
4%
Svibovec
4%
Svibovec Podravski
4%
Svinjarevci
4%
Tikveš
4%
Tišina Erdedska
4%
Tišina Kaptolska
4%
Topid
4%
Topolo
4%
Topolovac
4%
Trget
4%
Trgetari
4%
Trnovec
4%
Trsteno
4%
Tugare
4%
Turanj
4%
Turjaci
4%
Ugrinić
4%
Uskoci
4%
Vadreš
4%
Valbonaša
4%
Valentići
4%
Valica
4%
Valtura
4%
Valun
4%
Varaždin Breg
4%
Vardarac
4%
Veleševec
4%
Velići
4%
Veli Golji
4%
Velika Kopanica
4%
Velika Pisanica
4%
Velika Trnovitica
4%
Veliki Bukovec
4%
Veliki Vareški
4%
Veliki Zdenci
4%
Veliko Trojstvo
4%
Velim
4%
Veljun Primorski
4%
Vidovići
4%
Viljevo
4%
Vina
4%
Vinkovački Banovci
4%
Vintijan
4%
Viškovci
4%
Viškovići
4%
Vitunj
4%
Volinja
4%
Voštane
4%
Vranić
4%
Vranik
4%
Vrbje
4%
Vrbovo
4%
Vrhovina
4%
Vrhovljan
4%
Vujnovići
4%
Vukmanić
4%
Vukova Gorica
4%
Vukšić
4%
Vularija
4%
Žabnik
4%
Žabno
4%
Žaborić
4%
Zagora
4%
Zagorska Sela
4%
Zalužnica
4%
Žažina
4%
Žbandaj
4%
Ždrelac
4%
Ždrilo
4%
Zeleno Polje
4%
Želiski
4%
Žerava
4%
Žiškovec
4%
Zlatar
4%
Zlatar-Bistrica
4%
Žman
4%
Žrnovnica
4%
Zvečaj
4%
Andrilovec
2%
Antenal
2%
Arbanija
2%
Babac
2%
Babinac
2%
Babudri
2%
Badanj
2%
Baderna
2%
Badličan
2%
Badžula
2%
Bajagić
2%
Baldaši
2%
Baljci
2%
Banfi
2%
Banićevac
2%
Banjevci
2%
Banki
2%
Bankovci
2%
Banovo
2%
Barat
2%
Barbići
2%
Baredine
2%
Barić Draga
2%
Barotul
2%
Bartolovci
2%
Bašarinka
2%
Baškoti
2%
Batlug
2%
Batomalj
2%
Batrina
2%
Bazgalji
2%
Bebrina
2%
Bečic
2%
Bedenica
2%
Begi
2%
Begovac
2%
Begovača
2%
Begovići
2%
Bektež
2%
Belaj
2%
Belajske Poljice
2%
Belej
2%
Beletinec
2%
Belovar
2%
Beram
2%
Beravci
2%
Bertoši
2%
Bibali
2%
Bićine
2%
Bicko Selo
2%
Bijela
2%
Bijele Zemlje
2%
Bila Vlaka
2%
Bili Brig
2%
Biokovsko Selo
2%
Biorine
2%
Birovača
2%
Bjelanovac
2%
Bjelina
2%
Blacko
2%
Blagdanići
2%
Blaškovići
2%
Blatna Vas
2%
Blažević Dol
2%
Blinjski Kut
2%
Blizna Donja
2%
Blizna Gornja
2%
Bobodol
2%
Bobovac
2%
Bogatić
2%
Bogdanovec
2%
Bojana
2%
Bokići
2%
Bokordići
2%
Bokšić Lug
2%
Boljevići
2%
Boljun
2%
Boljunsko Polje
2%
Bolman
2%
Bonaci
2%
Boričevci
2%
Borova
2%
Borovac
2%
Botinec
2%
Božava
2%
Božjakovina
2%
Bralići
2%
Branjina
2%
Bratiškovci
2%
Bratovići
2%
Brčići
2%
Brckovljani
2%
Brđani Cesta
2%
Brdce
2%
Brečevići
2%
Brešca
2%
Bresnica
2%
Brestik
2%
Brezani
2%
Brežani
2%
Brezari
2%
Brezarić
2%
Brezik
2%
Breznik
2%
Brgud
2%
Brgudac
2%
Brič
2%
Brijest
2%
Brkač
2%
Brkiševina
2%
Brnjica
2%
Brođanci
2%
Brodić
2%
Brodski Drenovac
2%
Broskvari
2%
Brotnja
2%
Bršadin
2%
Brusići
2%
Bruška
2%
Brusnik
2%
Brzac
2%
Bubani
2%
Budimiri
2%
Budinščina
2%
Buići
2%
Bukori
2%
Bukovec
2%
Bukovsko
2%
Bunjani
2%
Buroli
2%
Buševec
2%
Butori
2%
Bužinija
2%
Bzenica
2%
Čabdin
2%
Cabuna
2%
Čačvina
2%
Čajkovci
2%
Čakovci
2%
Čambarelići
2%
Cancini
2%
Čaporice
2%
Caska
2%
Čehići
2%
Čelikovići
2%
Čelina
2%
Čenkovo
2%
Cepeliš
2%
Čepić
2%
Čepljani
2%
Cere
2%
Cerjani
2%
Cerovac
2%
Cerovljani
2%
Červari
2%
Cestica
2%
Četvrtkovac
2%
Cicvare
2%
Ciglena
2%
Ciglenica
2%
Ciglenik
2%
Čiritež
2%
Čista Mlaka
2%
Ćore
2%
Ćosine Laze
2%
Črečan
2%
Cret Viljevski
2%
Crivac
2%
Crklada
2%
Crljenik
2%
Črnica
2%
Crni Lazi
2%
Crveni Vrh
2%
Cunj
2%
Ćunski
2%
Čuntić
2%
Čurilovec
2%
Čuši
2%
Ćusi
2%
Cvetković
2%
Čvrljevo
2%
Dane
2%
Danilo Biranj
2%
Danilo Kraljice
2%
Daskatica
2%
Dautan
2%
Dazlina
2%
Deanovec
2%
Debeljuhi
2%
Deklevi
2%
Đelekovec
2%
Delići
2%
Deringaj
2%
Dervišaga
2%
Desinić
2%
Desne
2%
Desni Dubrovčak
2%
Desni Štefanki
2%
Desno Trebarjevo
2%
Dežanovac
2%
Dicmo Ercegovci
2%
Dicmo Kraj
2%
Dicmo Krušvar
2%
Dicmo Osoje
2%
Dicmo Prisoje
2%
Dicmo Sičane
2%
Divoselo
2%
Divoševci
2%
Djedina Rijeka
2%
Dobranje
2%
Dobra Voda
2%
Dobreć
2%
Dobrinče
2%
Dobrovac
2%
Dokmanovići
2%
Dolci
2%
Dolića Draga
2%
Dolovo
2%
Domagović
2%
Donja Bačuga
2%
Donja Banda
2%
Donja Bistra
2%
Donja Jagodnja
2%
Donja Motičina
2%
Donja Višnjica
2%
Donja Zdenčina
2%
Donja Zelina
2%
Donje Bukovlje
2%
Donje Ceranje
2%
Donje Ladanje
2%
Donje Makojišće
2%
Donje Mekušje
2%
Donje Ogorje
2%
Donje Polje
2%
Donje Postinje
2%
Donje Selište
2%
Donje Selo
2%
Donji Bogićevci
2%
Donji Crnogovci
2%
Donji Hrastovac
2%
Donji Kneginec
2%
Donji Koncovčak
2%
Donji Kućan
2%
Donji Macelj
2%
Donji Vaganac
2%
Donji Vidovec
2%
Donji Vukojevac
2%
Donji Vukšići
2%
Donji Zebanec
2%
Dragoslavec Selo
2%
Dragovci
2%
Dragove
2%
Dragozetići
2%
Draguć
2%
Draguzeti
2%
Dramalj
2%
Dražica
2%
Drenovac Radučki
2%
Drenovec
2%
Drenov Klanac
2%
Drnje
2%
Dubci
2%
Dubočac
2%
Duboševica
2%
Dubovec
2%
Dubrava kod Šibenika
2%
Dubrava kod Tisna
2%
Dubrava Križovljanska
2%
Dubravci
2%
Dubravec
2%
Duće
2%
Dugobabe
2%
Dumovec
2%
Dunjkovec
2%
Đurđenovac
2%
Dusina
2%
Dužica
2%
Duzluk
2%
Eržišće
2%
Fabci
2%
Farini
2%
Feričanci
2%
Filipini
2%
Filipovac
2%
Filozići
2%
Finida
2%
Fiorini
2%
Forčići
2%
Frančići
2%
Frata
2%
Frkanovec
2%
Frnjolići
2%
Gajac
2%
Gala
2%
Galgovo
2%
Gamboci
2%
Garbina
2%
Garica
2%
Garjak
2%
Gašinci
2%
Gata
2%
Gdinj
2%
Gedići
2%
Glavina Donja
2%
Glavina Gornja
2%
Godinjak
2%
Gologorica
2%
Gologorički Dol
2%
Golubić
2%
Gorači
2%
Goranec
2%
Gorenci
2%
Gorice
2%
Gorići
2%
Gornja Bistra
2%
Gornja Greda
2%
Gornja Jagodnja
2%
Gornja Podstrana
2%
Gornja Rijeka
2%
Gornja Višnjica
2%
Gornja Zdenčina
2%
Gornje Ceranje
2%
Gornje Ladanje
2%
Gornje Makojišće
2%
Gornje Ogorje
2%
Gornje Postinje
2%
Gornje Selište
2%
Gornje Selo
2%
Gornje Sitno
2%
Gornji Bogićevci
2%
Gornji Crnogovci
2%
Gornji Hrastovac
2%
Gornji Kneginec
2%
Gornji Koncovčak
2%
Gornji Kućan
2%
Gornji Kuršanec
2%
Gornji Lipovac
2%
Gornji Macelj
2%
Gornji Mihaljevec
2%
Gornji Vaganac
2%
Gornji Viduševac
2%
Gornji Vukojevac
2%
Gornji Vukšići
2%
Gornji Zebanec
2%
Grabić
2%
Graboštani
2%
Grabovac Banski
2%
Grabovci
2%
Grabrova
2%
Grabrovnik
2%
Gračec
2%
Gradišće
2%
Grana
2%
Grbavac
2%
Greda Sunjska
2%
Grgurevići
2%
Grkaveščak
2%
Grmov
2%
Grohot
2%
Grohote
2%
Grubići
2%
Grubine
2%
Gržini
2%
Guci Draganički
2%
Gudovac
2%
Gušće
2%
Hambarište
2%
Hampovica
2%
Heki
2%
Heraki
2%
Hlapičina
2%
Horvatsko
2%
Hrašća
2%
Hrašće Turopoljsko
2%
Hrašćica
2%
Hrašćina
2%
Hrastelnica
2%
Hrastovljan
2%
Hršćevani
2%
Hudi Bitek
2%
Igrane
2%
Ilova
2%
Ilovac
2%
Imbriovec
2%
Ipši
2%
Ivanbegovina
2%
Ivandol
2%
Ivanečka Željeznica
2%
Ivanovci
2%
Ivanovo Selo
2%
Ivići
2%
Jablanovec
2%
Jagodno
2%
Jakačići
2%
Jakići Dolinji
2%
Jakići Gorinji
2%
Jakišnica
2%
Jakovici
2%
Jasik
2%
Jazbina
2%
Jazbina Višnjička
2%
Jazvenik
2%
Jehnići
2%
Jerebić
2%
Jesenice
2%
Jesenovik
2%
Ježenj
2%
Ježević
2%
Ježovec
2%
Jošavica
2%
Josipovo
2%
Jural
2%
Jurcani
2%
Juricani
2%
Jurovčak
2%
Jurovec
2%
Kadina Glavica
2%
Kadumi
2%
Kajgana
2%
Kajini
2%
Kalac
2%
Kaldanija
2%
Kaldir
2%
Kalnik
2%
Kamenac
2%
Kamena Gorica
2%
Kamenmost
2%
Kampor
2%
Kanegra
2%
Kaniža
2%
Kaočine
2%
Kapela Kalnička
2%
Kapelščak
2%
Kapovići
2%
Karalić
2%
Karanac
2%
Karane
2%
Karigador
2%
Karlovec Ludbreški
2%
Karlovići
2%
Kašćerga
2%
Kaštel Žegarski
2%
Katoličke Čaire
2%
Katuni
2%
Kip
2%
Kirmenjak
2%
Klakar
2%
Klanac
2%
Klenovšćak
2%
Kletište
2%
Kljake
2%
Klokočevik
2%
Kloštar Ivanić
2%
Kmeti
2%
Knapić
2%
Knapići
2%
Kneževac
2%
Kneževo
2%
Knezovec
2%
Kobiljak
2%
Kodolje
2%
Kolan
2%
Koljane
2%
Kolumbera
2%
Komić
2%
Komogovina
2%
Kompanj
2%
Komušina
2%
Končanica
2%
Končarev Kraj
2%
Kontešići
2%
Koprivno
2%
Korenići
2%
Koritna
2%
Korlevići
2%
Kostanjica
2%
Kostrčani
2%
Kotlina
2%
Kovačevac
2%
Kovačić
2%
Kozarevac
2%
Kozinščak
2%
Kožljak
2%
Kraj Drage
2%
Kraljevac
2%
Krančići
2%
Krapanj
2%
Krbavčići
2%
Krbavica
2%
Krbune
2%
Krculi
2%
Kresini
2%
Kričke
2%
Kringa
2%
Krivi Put
2%
Krivodol
2%
Križanci
2%
Križic
2%
Križine
2%
Križnica
2%
Križovec
2%
Krkanec
2%
Krković
2%
Krničari
2%
Kršanci
2%
Kršete
2%
Krstinja
2%
Kršuli
2%
Kruščica
2%
Kruševica
2%
Krušljevec
2%
Kuberton
2%
Kućan Marof
2%
Kuče
2%
Kućeli
2%
Kućibreg
2%
Kučiće
2%
Kukurini
2%
Kupari
2%
Kupina
2%
Kupinec
2%
Kupinečki Kraljevec
2%
Kurili
2%
Kuršanec
2%
Kuzma
2%
Lađevci
2%
Ladići
2%
Ladimirevci
2%
Laginji
2%
Lakovići
2%
Lakušija
2%
Lapovac
2%
Lazarići
2%
Lazina Čička
2%
Legovići
2%
Lepuri
2%
Leskovec
2%
Letaj
2%
Letajac
2%
Levanjska Varoš
2%
Lička Jesenica
2%
Liješće
2%
Lijevi Dubrovčak
2%
Lijevi Štefanki
2%
Lijevo Trebarjevo
2%
Linardići
2%
Lipnica
2%
Lipnik
2%
Lipovnik
2%
Lišane Tinjske
2%
Lisičić
2%
Liska
2%
Lišnjak
2%
Livana
2%
Ljubljanica
2%
Lokva Rogoznica
2%
Lokvica
2%
Lončarica
2%
Lopatinec
2%
Lovčić
2%
Lovište
2%
Lovrin
2%
Lozan
2%
Lozari
2%
Loznati
2%
Lučelnica
2%
Lučina
2%
Ludvinci
2%
Luka Ludbreška
2%
Lukarišće
2%
Lukavac
2%
Lukovdol
2%
Lukovo Šugarje
2%
Lužan Biškupečki
2%
Madžarevo
2%
Magadenovac
2%
Magić Mala
2%
Mahićno
2%
Mahovo
2%
Makovci
2%
Mala Gora
2%
Mala Gradusa
2%
Mala Kopanica
2%
Mala Ludina
2%
Male Mune
2%
Mali Brgud
2%
Mali Mlun
2%
Mali Podol
2%
Mališi
2%
Mali Turini
2%
Maljkovo
2%
Malo Korenovo
2%
Malo Selo
2%
Mandalenčići
2%
Maovice
2%
Marčelji
2%
Marijanci
2%
Marinići
2%
Markoci
2%
Markovac Našički
2%
Martinčići
2%
Martinšćica
2%
Martinuševec
2%
Maslinica
2%
Mastelići
2%
Materada
2%
Matijaši
2%
Matković Mala
2%
Matohanci
2%
Matulini
2%
Medovdolac
2%
Medveja
2%
Mekiši kod Kaštelira
2%
Mekiši kod Vižinade
2%
Merag
2%
Merišće
2%
Merolino Sikirevačko
2%
Metajna
2%
Mihalić Selo
2%
Mihaljevići
2%
Mihatovići
2%
Miholašćica
2%
Mihotići
2%
Miklavec
2%
Mikleuš
2%
Mikluševci
2%
Milanezi
2%
Miljana
2%
Miljevac
2%
Milohnići
2%
Mimice
2%
Miranje
2%
Mirlović Polje
2%
Mirlović Zagora
2%
Miškovići
2%
Mislina
2%
Močići
2%
Močile
2%
Modrušani
2%
Mokro Polje
2%
Molve
2%
Momjan
2%
Monterol
2%
Moravče
2%
Mošćenice
2%
Možđenec
2%
Mračaj
2%
Mravnica
2%
Mrgani
2%
Mrzlo Polje
2%
Mučići
2%
Mundanije
2%
Munjava
2%
Muntrilj
2%
Mustafina Klada
2%
Mužilovčica
2%
Mužini
2%
Nard
2%
Nardući
2%
Narta
2%
Nebojan
2%
Nebojse
2%
Nedešćina
2%
Neorić
2%
Nisko
2%
Nos Kalik
2%
Nova Bukovica
2%
Nova Drenčina
2%
Novaki Motovunski
2%
Novakovec
2%
Nova Rača
2%
Nova Ves Petrijanečka
2%
Novi Bolman
2%
Novi Golubovec
2%
Novi Perkovci
2%
Novo Selo Podravsko
2%
Nugla
2%
Obed
2%
Obedišće
2%
Oblakovac
2%
Obrankovec
2%
Obrovac Sinjski
2%
Ogulinec
2%
Okić
2%
Okoli
2%
Okreti
2%
Okrugli Vrh
2%
Omanovac
2%
Oprisavci
2%
Orehovec
2%
Orlec
2%
Oskoruš
2%
Ošljak
2%
Oštarski Stanovi
2%
Ostrovo
2%
Otavice
2%
Otok Virje
2%
Oton
2%
Otrovanec
2%
Ovčara
2%
Pajari
2%
Pajkovići
2%
Paka
2%
Pakovo Selo
2%
Palanjek
2%
Palit
2%
Paradiž
2%
Parag
2%
Patkovac
2%
Pavlovac
2%
Pavlovci
2%
Pčelić
2%
Peresiji
2%
Perini
2%
Permani
2%
Pernat
2%
Perušić Benkovački
2%
Petehi
2%
Peteranec
2%
Petina
2%
Petkovac
2%
Piramatovci
2%
Pisak
2%
Piškorovec
2%
Pižinovac
2%
Planica
2%
Plešivica
2%
Pleškovec
2%
Plitvica Selo
2%
Plomin Luka
2%
Pobri
2%
Počekaji
2%
Podbrest
2%
Podbrežje
2%
Podevčevo
2%
Podgaće
2%
Podgarić
2%
Podgorač
2%
Podgrađe
2%
Podprolog
2%
Podravska Moslavina
2%
Podrute
2%
Podstrana - Grbavac
2%
Podstrana - Grljevac
2%
Podstrana - Miljevac
2%
Podstrana - Mutogras
2%
Podturen
2%
Podum
2%
Podvinje
2%
Podvrško
2%
Pojatno
2%
Pokrovnik
2%
Poljani
2%
Polje Čepić
2%
Poljica-Brig
2%
Poloje
2%
Popovci
2%
Porozina
2%
Potnjani
2%
Potočani
2%
Potočnica
2%
Potpićan
2%
Požar
2%
Poznanovec
2%
Prapoće
2%
Predošćica
2%
Preseka
2%
Pretetinec
2%
Prgomet
2%
Prhovec
2%
Pribić
2%
Pribude
2%
Pričac
2%
Pridvorje
2%
Prigorec
2%
Primošten Burnji
2%
Prnjarovac
2%
Prokljuvani
2%
Prović
2%
Pršurići
2%
Prugovo
2%
Puhovo
2%
Puljane
2%
Punitovci
2%
Punta Križa
2%
Purgarija Čepić
2%
Puska
2%
Puškarići
2%
Pusti
2%
Putičanje
2%
Putini
2%
Putniković
2%
Račja Vas
2%
Radetići
2%
Radini
2%
Radonić
2%
Radoši kod Višnjana
2%
Radoši kod Žbandaja
2%
Radovan
2%
Radovani
2%
Radučić
2%
Rakotule
2%
Ramljane
2%
Rašćane
2%
Rašpor
2%
Rastoka
2%
Rastušje
2%
Ratkovica
2%
Ražanj
2%
Razvođe
2%
Remetinec
2%
Resnik
2%
Retkovci
2%
Ribnica
2%
Ribnjak
2%
Riđane
2%
Ripenda Kosi
2%
Rivanj
2%
Ročko Polje
2%
Rodaljice
2%
Rojci
2%
Rošini
2%
Rosulje
2%
Rovišće
2%
Rože
2%
Ruča
2%
Rudani
2%
Rude
2%
Rudine
2%
Rukavac
2%
Rupeni
2%
Ruščica
2%
Ruševo
2%
Sabljaki Modruški
2%
Sabljak Selo
2%
Šag
2%
Salež
2%
Salopeki Modruški
2%
Šandrovac
2%
Santalezi
2%
Sapci
2%
Šapjane
2%
Savar
2%
Savska Ves
2%
Šćitarjevo
2%
Šćulac
2%
Seget Donji
2%
Seget Gornji
2%
Segovina
2%
Seljaci
2%
Selnik
2%
Semeljci
2%
Šemovec
2%
Seoce
2%
Setuš
2%
Severin
2%
Severin na Kupi
2%
Sibić
2%
Šibice
2%
Siče
2%
Sičice
2%
Sigetec
2%
Sigetec Ludbreški
2%
Silaš
2%
Šilo
2%
Šimljanica
2%
Sinac
2%
Sinožići
2%
Šipanska Luka
2%
Širitovci
2%
Sišćani
2%
Šišljavić
2%
Šivati
2%
Siverić
2%
Sivica
2%
Skakavac
2%
Škaljevica
2%
Škare
2%
Skela
2%
Škopljak
2%
Škrabutnik
2%
Skradnik
2%
Skrbčići
2%
Škropeti
2%
Škuljari
2%
Sladojevci
2%
Slavonske Bare
2%
Slavonski Kobaš
2%
Slivno Ravno
2%
Sljeme
2%
Slobodna Vlast
2%
Slokovec
2%
Slum
2%
Smolici
2%
Sokolovac
2%
Sonković
2%
Sop Bukevski
2%
Sopje
2%
Šorgi
2%
Šorići
2%
Sošići
2%
Sovinjak
2%
Sovski Dol
2%
Srebreno
2%
Srebrnići
2%
Srednje Selo
2%
Srednji Lipovac
2%
Srijane
2%
Srijedska
2%
Srinjine
2%
Štakorovec
2%
Stanetinec
2%
Stanići
2%
Staniši
2%
Stankovac
2%
Stanković
2%
Stara Drenčina
2%
Stara Kapela
2%
Stara Rača
2%
Stara Vas
2%
Starci
2%
Starići
2%
Stari Slatinik
2%
Staro Čiče
2%
Staro Selo Topusko
2%
Štefanec
2%
Stepčići
2%
Šterna
2%
Štifanići
2%
Štikovo
2%
Stinica
2%
Stivan
2%
Štivica
2%
Stomorska
2%
Stranići kod Lovreča
2%
Stranići kod Nove Vasi
2%
Strašnik
2%
Strelečko
2%
Strizivojna
2%
Štrmac
2%
Strmec
2%
Strmec Remetinečki
2%
Strmen
2%
Strmendolac
2%
Strpačići
2%
Štrped
2%
Stružec Posavski
2%
Studenci
2%
Stupovača
2%
Sučići
2%
Sudovec
2%
Suđurađ
2%
Suknovci
2%
Sulkovci
2%
Šumber
2%
Šumećani
2%
Šumeće
2%
Šumetlica
2%
Šušnjevica
2%
Sutivanac
2%
Sveta Helena
2%
Sveta Marija na Krasu
2%
Sveti Andrija
2%
Sveti Bartol
2%
Sveti Martin pod Okićem
2%
Svetinja
2%
Sveti Petar Orehovec
2%
Sveti Urban
2%
Taborište
2%
Tadini
2%
Terezino Polje
2%
Tijarica
2%
Tisovac
2%
Tomaš
2%
Tomaševec
2%
Tomaševec Biškupečki
2%
Tomica
2%
Tomišići
2%
Toplice
2%
Toplice Sveti Martin
2%
Topličica
2%
Topolje
2%
Torjanci
2%
Totovec
2%
Trbounje
2%
Trgovi
2%
Trnava
2%
Trnjani
2%
Trnjanski Kuti
2%
Trnova
2%
Trnovac
2%
Trnovi
2%
Trombal
2%
Trošmarija
2%
Trstenik
2%
Trviž
2%
Tučenik
2%
Tupkovec
2%
Tupljak
2%
Turkovići Ogulinski
2%
Tušilović
2%
Tuškani
2%
Tuštevac
2%
Tvrđavica
2%
Uble
2%
Ugljane
2%
Uglješ
2%
Umljanović
2%
Unčani
2%
Unešić
2%
Ustrine
2%
Vaćani
2%
Vadediji
2%
Vaganac
2%
Vagovina
2%
Valentinovo
2%
Valkarin
2%
Vardica
2%
Varvari
2%
Vasine Laze
2%
Važminež
2%
Vedrine
2%
Vela Traba
2%
Vele Mune
2%
Veleniki
2%
Vele Srakane
2%
Veli Brgud
2%
Velika Glava
2%
Velika Gradusa
2%
Velika Ludina
2%
Velika Popina
2%
Veliki Grđevac
2%
Veliki Šušnjar
2%
Veliko Brdo
2%
Veliko Korenovo
2%
Veliko Polje
2%
Veliko Svinjičko
2%
Veli Mlun
2%
Veli Turini
2%
Veljaki
2%
Veprinac
2%
Verunić
2%
Vezišće
2%
Vidalići
2%
Vidonje
2%
Vidovec
2%
Viganj
2%
Vilanija
2%
Vinalić
2%
Vinež
2%
Vinica Breg
2%
Vinogradi Ludbreški
2%
Višnjevac
2%
Višnjica
2%
Vitaljina
2%
Vivodina
2%
Vižintini
2%
Vižintini Vrhi
2%
Vladislavci
2%
Vlaka
2%
Voloder
2%
Vozilići
2%
Vrabač
2%
Vranići kod Vižinade
2%
Vranja
2%
Vranje Selo
2%
Vranojelje
2%
Vranovci
2%
Vratišinec
2%
Vrbica
2%
Vrboska
2%
Vrećari
2%
Vrh Lašići
2%
Vrhovac
2%
Vrnjak
2%
Vrtlinovec
2%
Vučetinec
2%
Vugrišinec
2%
Vukanovec
2%
Vukovec
2%
Vukovina
2%
Vukšin Šipak
2%
Vurot
2%
Žabnjak
2%
Zabrežani
2%
Zadobarje
2%
Zagorje
2%
Zagrad
2%
Zagrađe
2%
Žagrović
2%
Zajačko Selo
2%
Zaklopatica
2%
Zaluka
2%
Zaluki
2%
Zamlaka
2%
Zankovci
2%
Zapolje
2%
Zasadbreg
2%
Zastražišće
2%
Zatka Čepić
2%
Zavala
2%
Završje
2%
Zbičina
2%
Zbišina
2%
Zdenac
2%
Ždrapanj
2%
Zebanec Selo
2%
Zečevo
2%
Zeci
2%
Žejane
2%
Železna Gora
2%
Željeznica
2%
Zelovo
2%
Ženodraga
2%
Žgaljići
2%
Zgrabljići
2%
Žitnić
2%
Živike
2%
Zmajevac
2%
Žnjidarići
2%
Zonti
2%
Zrenj
2%
Zrmanja Vrelo
2%
Žudetići
2%
Žuntići
2%
Županići
2%
Žužići
2%
Zvekovac
2%
Zverinac
2%
Zvjerinac
2%
Zvoneća
2%
Zvonimirovo
2%
Adžamovci
0%
Alaginci
0%
Aleksinica
0%
Alilovci
0%
Amatovci
0%
Andigola
0%
Andraševec
0%
Andrijevac
0%
Antolovec
0%
Anžići
0%
Apatija
0%
Apatovec
0%
Arapovac
0%
Ašikovci
0%
Auguštanovec
0%
Babina Rijeka
0%
Babinec
0%
Babotok
0%
Bačevac
0%
Baćin Dol
0%
Bačkovica
0%
Bađinec
0%
Badljevina
0%
Badovinci
0%
Baići
0%
Bair
0%
Bajčići
0%
Bakić
0%
Bakovčica
0%
Balići I
0%
Balinac
0%
Balinci
0%
Bandino Selo
0%
Baničevec
0%
Banići
0%
Banje Selo
0%
Banjsko Selo
0%
Banšćica
0%
Banska Gorica
0%
Banska Selnica
0%
Banski Kovačevac
0%
Banski Moravci
0%
Bansko Vrpolje
0%
Bapča
0%
Baranjsko Petrovo Selo
0%
Barbarići Kravarski
0%
Barica
0%
Barlabaševec
0%
Barlete
0%
Barovka
0%
Barušići
0%
Basara
0%
Baške Oštarije
0%
Bastajski Brđani
0%
Baštijani
0%
Batinjani
0%
Batinjska Rijeka
0%
Batinova Kosa
0%
Batinske
0%
Batnoga
0%
Baturi
0%
Bazli
0%
Bedenec
0%
Bedenička
0%
Bedenik
0%
Beder
0%
Bednjica
0%
Begluci
0%
Begovo Brdo
0%
Begovo Brdo Žumberačko
0%
Begovo Razdolje
0%
Beketinci
0%
Beketinec
0%
Belajska Vinica
0%
Belajski Malinci
0%
Belanovo Selo
0%
Bela Vodica
0%
Belčići
0%
Belec
0%
Belinsko Selo
0%
Beljevina
0%
Belo Selo
0%
Belošići
0%
Beloslavec
0%
Belovar Zlatarski
0%
Belski Ravan
0%
Bencani
0%
Benčani
0%
Benčići
0%
Beničanci
0%
Benkovac Fužinski
0%
Benkovec
0%
Benkovec Petrovski
0%
Benkovo
0%
Berislavec
0%
Bertelovci
0%
Bešinci
0%
Bešlinec
0%
Bestovje
0%
Bestrma
0%
Beter
0%
Bezavina
0%
Bijela Gorica
0%
Bijela Loza
0%
Bijela Stijena
0%
Bijele Vode
0%
Bijeli Klanac
0%
Bijeljevina Orahovička
0%
Bijelnik
0%
Bikovec
0%
Bile
0%
Biljevec
0%
Biljevina
0%
Biljevine
0%
Biovičino Selo
0%
Bisag
0%
Bišćanovo
0%
Biškupci
0%
Biškupec Zelinski
0%
Bistrač
0%
Bistrinci
0%
Bitorajci
0%
Bjelajci
0%
Bjeliševac
0%
Bjelkovac
0%
Blaca
0%
Blagorodovac
0%
Blaguša
0%
Blanje
0%
Blaškovec
0%
Blatnica
0%
Blatnica Pokupska
0%
Blaževci
0%
Blaževdol
0%
Blinja
0%
Blinjska Greda
0%
Bobare
0%
Bobovec Rozganski
0%
Bobovec Tomaševečki
0%
Bobovica
0%
Bobovišća
0%
Bobovišća na Moru
0%
Bobovje
0%
Bočadir
0%
Bočaki
0%
Bocanjevci
0%
Bočkinci
0%
Bockovac
0%
Bočkovec
0%
Bodegraj
0%
Bodovaljci
0%
Bogačevo
0%
Bogačevo Riječko
0%
Bogatnik
0%
Bogdašić
0%
Bogomolje
0%
Bogovci
0%
Bogovići
0%
Bogovolja
0%
Bojačno
0%
Bojnikovec
0%
Bokane
0%
Bolč
0%
Bolfan
0%
Boljenovići
0%
Bolomače
0%
Boraja
0%
Borak
0%
Borenec
0%
Boričevec Toplički
0%
Borik
0%
Boriš
0%
Borje
0%
Borkovec
0%
Borojevci
0%
Borojevići
0%
Borova Kosa
0%
Borovik
0%
Borovita
0%
Borovljani
0%
Borut
0%
Bošana
0%
Bosanka
0%
Boševci
0%
Bošt
0%
Botinac
0%
Botinovec
0%
Bračak
0%
Bračevci
0%
Bračević
0%
Brajakovo Brdo
0%
Brajdić Selo
0%
Branešci
0%
Branimirovac
0%
Brašina
0%
Brašljevica
0%
Braslovje
0%
Bratelji
0%
Bratina
0%
Bratkovec
0%
Bratovanci
0%
Bratovski Vrh
0%
Bratuljevci
0%
Brčevec
0%
Brčino
0%
Brcković Draga
0%
Brđani Kosa
0%
Brđani Sokolovački
0%
Brdo Cirkvensko
0%
Brdo Jesenjsko
0%
Brdo Orehovečko
0%
Brdo Utinjsko
0%
Brebernica
0%
Brebornica
0%
Brebrovac
0%
Bregana Pisarovinska
0%
Breganica
0%
Bregi Kostelski
0%
Bregi Radobojski
0%
Bregi Zabočki Donji
0%
Breg Mokrički
0%
Bregovljana
0%
Brekinska
0%
Brestača
0%
Breštani
0%
Breštanovci
0%
Brestovačka Brda
0%
Brestova Draga
0%
Brestovec Orehovički
0%
Brest pod Učkom
0%
Brest Pokupski
0%
Brezakovec
0%
Brežane Lekeničke
0%
Brezik Našički
0%
Brezine
0%
Brezje Dobransko
0%
Brezje Dravsko
0%
Brezje Miholečko
0%
Brezje Vivodinsko
0%
Breznica Đakovačka
0%
Breznica Našička
0%
Breznik Plešivički
0%
Breznik Žakanjski
0%
Brezno Gora
0%
Brezovac Žumberački
0%
Brezova Glava
0%
Brezova Gora
0%
Brezovec
0%
Brezovec Zelinski
0%
Brezovica Petrovska
0%
Brezovica Žumberačka
0%
Brezovljani
0%
Brezovljani Vojlovički
0%
Brezovo Polje
0%
Bričanci
0%
Brihovo
0%
Briješće
0%
Brijesta
0%
Brinjani
0%
Brinjeva Draga
0%
Brištani
0%
Bristivica
0%
Brlekovo
0%
Brlenić
0%
Brlog Ozaljski
0%
Brloška Dubrava
0%
Brnelići
0%
Brnjavac
0%
Brnjeuška
0%
Brnobići
0%
Broćanac
0%
Broce
0%
Bročice
0%
Brođani
0%
Brodarovec
0%
Brodski Varoš
0%
Brodski Zdenci
0%
Brotnice
0%
Brseč
0%
Brsečine
0%
Brštanovo
0%
Brubno
0%
Brušane
0%
Brusje
0%
Bubnjarački Brod
0%
Bubnjarci
0%
Bucalovići
0%
Bučje Gorjansko
0%
Budačka Rijeka
0%
Budakovac
0%
Budančevica
0%
Budanica
0%
Budenec
0%
Budimci
0%
Budim Vivodinski
0%
Budinjak
0%
Budinščak
0%
Budislavec
0%
Budrovac
0%
Budrovac Lukački
0%
Budrovci
0%
Buhača
0%
Buinja
0%
Buinjski Riječani
0%
Bujarići
0%
Bujavica
0%
Bukovački Antunovac
0%
Bukovac Perjasički
0%
Bukovac Perušićki
0%
Bukovac Podvrški
0%
Bukovac Svetojanski
0%
Bukovčak
0%
Bukovčani
0%
Bukovec Zelinski
0%
Bukovica Prekriška
0%
Bukovica Utinjska
0%
Bukovje Bistransko
0%
Bukovje Križevačko
0%
Bukovje Netretićko
0%
Bukovje Podvrško
0%
Bukov Vrh
0%
Bukvik
0%
Bulići
0%
Bulinac
0%
Bunica
0%
Bunjak
0%
Burić Selo
0%
Bušetina
0%
Bušin
0%
Busnovi
0%
Butkovec
0%
Butoniga
0%
Buzadovac
0%
Buzdohanj
0%
Čabraji
0%
Čađavac
0%
Čađavički Lug
0%
Cage
0%
Caginec
0%
Čaire
0%
Čajkovica
0%
Čajkovići
0%
Čakanec
0%
Čalinec
0%
Čamagajevci
0%
Čamerovac
0%
Čanjevo
0%
Čapljani
0%
Čaprginci
0%
Careva Draga
0%
Carevdar
0%
Carevići
0%
Carevo Polje
0%
Carevo Selo
0%
Cargovec
0%
Čatrnja
0%
Čavlovica
0%
Cebovec
0%
Čečavac
0%
Čečavački Vučjak
0%
Čedanj
0%
Čeglje
0%
Celine Goričke
0%
Celine Samoborske
0%
Čelopeci
0%
Čemernica
0%
Čemernica Lonjska
0%
Čepelovac
0%
Cepidlak
0%
Čepikuće
0%
Čepinski Martinci
0%
Cera
0%
Ćeralije
0%
Ceremošnjak
0%
Cerik
0%
Cerina
0%
Cerion
0%
Cerje Jesenjsko
0%
Cerje Letovanićko
0%
Cerje Pokupsko
0%
Cerje Samoborsko
0%
Cerje Vivodinsko
0%
Cernička Šagovina
0%
Cerovac Barilovićki
0%
Cerovački Galovići
0%
Cerovac Vukmanićki
0%
Cerovica
0%
Cerovnik
0%
Cerovski Vrh
0%
Cesarica
0%
Cesarska Ves
0%
Češljakovci
0%
Čestijanec
0%
Česvinica
0%
Četekovac
0%
Cetinovec
0%
Cetinski Varoš
0%
Čičkovina
0%
Ciglenica Zagorska
0%
Cigrovec
0%
Cikote
0%
Čingi-Lingi
0%
Cirkvena
0%
Čisla
0%
Čojlug
0%
Čokadinci
0%
Colnari
0%
Ćosinac
0%
Čovac
0%
Cremušina
0%
Čremušnica
0%
Črešnjevec
0%
Črešnjevo
0%
Čret Bisaški
0%
Cret Bizovački
0%
Čret Posavski
0%
Crevarska Strana
0%
Crkovec
0%
Crkvari
0%
Crkveni Bok
0%
Crkveni Vrhovci
0%
Crljenci
0%
Crna Draga
0%
Crna Klada
0%
Crna Mlaka
0%
Črnčevec
0%
Črnec Biškupečki
0%
Črnec Dugoselski
0%
Črnec Rugvički
0%
Crni Dabar
0%
Crni Kal
0%
Črnile
0%
Črnilovec
0%
Crni Lug
0%
Crni Potok
0%
Črnkovci
0%
Črnkovec
0%
Crno Kamanje
0%
Crno Vrelo
0%
Cubinec
0%
Čučak
0%
Čučići
0%
Cugovec
0%
Ćuić Brdo
0%
Čujića Krčevina
0%
Čukur
0%
Culibrki
0%
Čunkova Draga
0%
Curkovec
0%
Ćurlovac
0%
Cvetišće
0%
Cvetkovec
0%
Cvetković Brdo
0%
Cvetlin
0%
Cvetnić Brdo
0%
Cvijanović Brdo
0%
Cvitani
0%
Cvitović
0%
Dabašnica
0%
Dabrina
0%
Damalj
0%
Dančanje
0%
Dančulovići
0%
Dapčevački Brđani
0%
Dapci
0%
Daranovci
0%
Darkovac
0%
Daruvarski Brestovac
0%
Daruvarski Vinogradi
0%
Deanovići
0%
Debelo Brdo
0%
Debelo Brdo I
0%
Debelo Brdo II
0%
Dedin
0%
Dedina
0%
Deklešanec
0%
Dekovići
0%
Delači
0%
Delić Poljana
0%
Delkovec
0%
Delovi
0%
Demerje
0%
Dereza
0%
Derežani
0%
Desinić Gora
0%
Desmerice
0%
Desni Degoj
0%
Desno Sredičko
0%
Desprim
0%
Detkovac
0%
Deževci
0%
Dicmo Sušci
0%
Dijakovac
0%
Dijaneš
0%
Dijankovec
0%
Diklići
0%
Dinjevac
0%
Dinjiška
0%
Dioš
0%
Dišnik
0%
Đivan
0%
Divjake
0%
Divojevići
0%
Divulje
0%
Divuša
0%
Dobra Kuća
0%
Dobrenići
0%
Dobrić
0%
Dobri Zdenci
0%
Dobrodol
0%
Dobrogošće
0%
Dobropoljci
0%
Dobrović
0%
Dodoši
0%
Dograde
0%
Dojutrovica
0%
Dolanjski Jarak
0%
Dolec Podokićki
0%
Dolenci
0%
Dolenja Vas
0%
Doliće
0%
Doljanci
0%
Doljanec
0%
Doljani Žumberački
0%
Doljanovci
0%
Dol Klanječki
0%
Dolnjaki
0%
Doluš
0%
Domahovo
0%
Domaji
0%
Domankuš
0%
Domaslovec
0%
Domijanići
0%
Dominkovica
0%
Domitrovec
0%
Domovec
0%
Donja Batina
0%
Donja Batina-dio (217-258)
0%
Donja Bebrina
0%
Donja Brckovčina
0%
Donja Brusovača
0%
Donja Bučica
0%
Donja Budičina
0%
Donja Bukovica
0%
Donja Čemernica
0%
Donja Dobra
0%
Donja Drenova
0%
Donja Glina
0%
Donja Glogovnica
0%
Donja Gračenica
0%
Donja Greda
0%
Donja Jelenska
0%
Donja Konjščina
0%
Donja Kovačica
0%
Donja Krašićevica
0%
Donja Kupčina
0%
Donja Lamana Draga
0%
Donja Letina
0%
Donja Lomnica
0%
Donja Mlinoga
0%
Donja Obreška
0%
Donja Obrijež
0%
Donja Oraovica
0%
Donja Pačetina
0%
Donja Pastuša
0%
Donja Perjasica
0%
Donja Petrička
0%
Donja Pištana
0%
Donja Plemenšćina
0%
Donja Podgora
0%
Donja Poljana
0%
Donja Purgarija
0%
Donja Pušća
0%
Donjara
0%
Donja Rašenica
0%
Donja Reka
0%
Donja Rijeka
0%
Donja Selnica
0%
Donja Šemnica
0%
Donja Stranica
0%
Donja Stupnica
0%
Donja Šumetlica
0%
Donja Šušnjara
0%
Donja Suvaja
0%
Donja Topličica
0%
Donja Trebinja
0%
Donja Trstenica
0%
Donja Velešnja
0%
Donja Velika
0%
Donja Visočka
0%
Donja Vlahinička
0%
Donja Vrijeska
0%
Donja Vrućica
0%
Donja Žrvnica
0%
Donje Bazije
0%
Donje Brezno
0%
Donje Cjepidlake
0%
Donje Dvorišće
0%
Donje Gnojnice
0%
Donje Jame
0%
Donje Kusonje
0%
Donje Mokrice
0%
Donje Mrzlo Polje Mrežničko
0%
Donje Obuljeno
0%
Donje Orešje
0%
Donje Pazarište
0%
Donje Planjane
0%
Donje Podotočje
0%
Donje Predrijevo
0%
Donje Prekrižje
0%
Donje Prilišće
0%
Donje Primišlje
0%
Donje Psarjevo
0%
Donje Sitno
0%
Donje Stative
0%
Donje Taborište
0%
Donje Tihovo
0%
Donje Utore
0%
Donje Vino
0%
Donje Vinovo
0%
Donje Vratno
0%
Donje Vratno-dio
0%
Donje Zdjelice
0%
Donji Bitelić
0%
Donji Bjelovac
0%
Donji Borki
0%
Donji Brgat
0%
Donji Budački
0%
Donji Bukovac Žakanjski
0%
Donji Čaglić
0%
Donji Čehi
0%
Donji Čemehovec
0%
Donji Cerovac
0%
Donji Desinec
0%
Donji Dobretin
0%
Donji Dolac
0%
Donji Draganec
0%
Donji Dragičevci
0%
Donji Dragonožec
0%
Donji Dubovec
0%
Donji Emovci
0%
Donji Fodrovec
0%
Donji Furjan
0%
Donji Grahovljani
0%
Donji Gučani
0%
Donji Hruševec
0%
Donji Humac
0%
Donji Jalšovec
0%
Donji Javoranj
0%
Donji Klasnić
0%
Donji Kremen
0%
Donji Lađevac
0%
Donji Laduč
0%
Donji Lipovac
0%
Donji Lipovčani
0%
Donji Lović
0%
Donji Ložac
0%
Donji Marinkovac
0%
Donji Markovac
0%
Donji Maslarac
0%
Donji Meljani
0%
Donji Miklouš
0%
Donji Mosti
0%
Donji Nikšić
0%
Donji Okrug
0%
Donji Oštrc
0%
Donji Oštri Vrh Ozaljski
0%
Donji Poloj
0%
Donji Popovac
0%
Donji Prnjarovec
0%
Donji Rogolji
0%
Donji Šehovac
0%
Donji Selkovac
0%
Donji Sjeničak
0%
Donji Skrad
0%
Donji Škrnik
0%
Donji Slatinik
0%
Donji Sređani
0%
Donji Tkalec
0%
Donji Trpuci
0%
Donji Turni
0%
Donji Varoš
0%
Donji Velemerić
0%
Donji Viduševac
0%
Donji Vučkovići
0%
Donji Vukšinac
0%
Donji Žagari
0%
Donji Zagon
0%
Donji Zbilj
0%
Donji Žirovac
0%
Donji Zvečaj
0%
Dopsin
0%
Došen Dabar
0%
Dračevica
0%
Dračevo Polje
0%
Dragalić
0%
Draga Lukovdolska
0%
Draganje Selo
0%
Draganlug
0%
Draganovec
0%
Draga Svetojanska
0%
Dragljane
0%
Dragonoš
0%
Dragoševci
0%
Dragošička
0%
Dragotin
0%
Dragotina
0%
Dragotinci
0%
Dragovanščak
0%
Dragovići
0%
Drakulić Rijeka
0%
Drašći Vrh
0%
Draše
0%
Draškovac
0%
Drašnice
0%
Drastin
0%
Draževitići
0%
Drenčec
0%
Drenje Brdovečko
0%
Drenje Šćitarjevsko
0%
Drenovac Banski
0%
Drenovac Osredački
0%
Drenov Bok
0%
Drenovica Lipnička
0%
Drežnik Brezovički
0%
Drežnik Podokićki
0%
Drinak
0%
Drivenik
0%
Drlež
0%
Drljača
0%
Drljanovac
0%
Dropčevec
0%
Dropkovec
0%
Drškovci
0%
Drum
0%
Druškovec
0%
Druškovec Gora
0%
Druškovec Humski
0%
Družbinec
0%
Družilovec
0%
Drvenik
0%
Drvenik Mali
0%
Drvenik Veliki
0%
Dubac-Varsan
0%
Duba Konavoska
0%
Duba Pelješka
0%
Duba Stonska
0%
Duboki Dol
0%
Dubovec Bisaški
0%
Dubovica
0%
Dubovik
0%
Dubranec
0%
Dubrava Pušćanska
0%
Dubrava Samoborska
0%
Dubrava Zabočka
0%
Dubravčani
0%
Dubravica Desinićka
0%
Dubravka
0%
Dubravski Markovac
0%
Dubrovčan
0%
Dučići
0%
Dugače
0%
Duga Gora
0%
Duga Međa
0%
Duga Rijeka
0%
Duge Njive
0%
Dugi Dol
0%
Dugnjevec
0%
Dugo Selo Lukačko
0%
Duhovi
0%
Dukovec
0%
Dulepska
0%
Dumače
0%
Dunave
0%
Dunjak
0%
Đurđanci
0%
Đurđekovec
0%
Đurđic
0%
Đuričić
0%
Đurinići
0%
Đurinovec
0%
Đurin Potok
0%
Durlinci
0%
Dvoranci
0%
Dvorišće
0%
Dvorišće Ozaljsko
0%
Dvorište
0%
Dvorište Vivodinsko
0%
Dvorjanci
0%
Dvornica
0%
Dvorska
0%
Džaperovac
0%
Eminovci
0%
Emovački Lug
0%
Erdelj
0%
Erdovec
0%
Erkovčići
0%
Ertić
0%
Ervenik Zlatarski
0%
Fajerovec
0%
Falašćak
0%
Falinić Breg
0%
Farkaševec Samoborski
0%
Fažonci
0%
Ferežani
0%
Ferovac
0%
Festinec
0%
Filipovići
0%
Finčevec
0%
Florijan
0%
Fodrovec Riječki
0%
Forkuševci
0%
Fotez Breg
0%
Fratrovci
0%
Fratrovci Ozaljski
0%
Frbežari
0%
Frketić Selo
0%
Frkljevci
0%
Frkuljevec Mihovljanski
0%
Frkuljevec Peršaveski
0%
Fučkovac
0%
Fuka
0%
Furjanići
0%
Gabajeva Greda
0%
Gaber
0%
Gabonjin
0%
Gabrili
0%
Gabrilovac
0%
Gabrovec
0%
Gačeša Selo
0%
Gaćeško Selo
0%
Gaćište
0%
Gage
0%
Gajec
0%
Galezova Draga
0%
Galin
0%
Galovec
0%
Galovec Začretski
0%
Galović Selo
0%
Gambetići
0%
Gardun
0%
Garešnički Brestovac
0%
Gašparci
0%
Gazije
0%
Gečkovec
0%
Gerovo Tounjsko
0%
Gerovski Kraj
0%
Gezinci
0%
Giletinci
0%
Gizdavac
0%
Gladovec Kravarski
0%
Gladovec Pokupski
0%
Glavace
0%
Glavat
0%
Glavičani
0%
Glavice
0%
Glavnica Donja
0%
Glavnica Gornja
0%
Glavničica
0%
Glinice
0%
Glinska Poljana
0%
Glinsko Vrelo
0%
Gljev
0%
Globočec
0%
Globočec Ludbreški
0%
Glogovac
0%
Glogovec Zagorski
0%
Glogovica
0%
Glogovo
0%
Glušinja
0%
Gnojnice
0%
Gojanec
0%
Gojkovac
0%
Gojlo
0%
Golenić
0%
Goleši Žumberački
0%
Goli Breg
0%
Golik
0%
Goliki
0%
Golinci
0%
Golinja
0%
Goli Vrh
0%
Goli Vrh Netretićki
0%
Goli Vrh Ozaljski
0%
Goljak
0%
Goljak Klanječki
0%
Golobrdac
0%
Golobrdci
0%
Golo Brdo
0%
Golovik
0%
Golubići
0%
Golubinjak
0%
Golubovac Divuški
0%
Gonjeva
0%
Gora Košnička
0%
Gora Veternička
0%
Gorica Jamnička
0%
Gorica Lipnička
0%
Gorica Miholečka
0%
Goričanec
0%
Goričanovec
0%
Gorica Skradska
0%
Gorica Svetojanska
0%
Gorica Valpovačka
0%
Goričica
0%
Goričice Dobranske
0%
Gorička
0%
Goričko
0%
Gorinci
0%
Gorjakovo
0%
Gorjani Sutinski
0%
Gorkovec
0%
Gorniki Vivodinski
0%
Gornja Bačuga
0%
Gornja Batina
0%
Gornja Bebrina
0%
Gornja Brckovčina
0%
Gornja Brela
0%
Gornja Brusovača
0%
Gornja Bučica
0%
Gornja Čemernica
0%
Gornja Dobra
0%
Gornja Drenova
0%
Gornja Garešnica
0%
Gornja Glina
0%
Gornja Glogovnica
0%
Gornja Gračenica
0%
Gornja Jelenska
0%
Gornjaki
0%
Gornja Konjščina
0%
Gornja Kovačica
0%
Gornja Krašićevica
0%
Gornja Kupčina
0%
Gornja Lamana Draga
0%
Gornja Letina
0%
Gornja Lomnica
0%
Gornja Meminska
0%
Gornja Mlinoga
0%
Gornja Močila
0%
Gornja Motičina
0%
Gornja Obreška
0%
Gornja Obrijež
0%
Gornja Oraovica
0%
Gornja Pačetina
0%
Gornja Pastuša
0%
Gornja Petrička
0%
Gornja Pištana
0%
Gornja Plemenšćina
0%
Gornja Ploščica
0%
Gornja Podgora
0%
Gornja Poljana
0%
Gornja Purgarija
0%
Gornja Pušća
0%
Gornja Rašenica
0%
Gornja Reka
0%
Gornja Selnica
0%
Gornja Šemnica
0%
Gornja Stranica
0%
Gornja Stupnica
0%
Gornja Šumetlica
0%
Gornja Šušnjara
0%
Gornja Suvaja
0%
Gornja Topličica
0%
Gornja Trebinja
0%
Gornja Trnovitica
0%
Gornja Trstenica
0%
Gornja Vas
0%
Gornja Velešnja
0%
Gornja Velika
0%
Gornja Visočka
0%
Gornja Vlahinička
0%
Gornja Vrijeska
0%
Gornja Vrućica
0%
Gornja Žrvnica
0%
Gornje Bazje
0%
Gornje Brezno
0%
Gornje Bukovlje
0%
Gornje Cjepidlake
0%
Gornje Dvorišće
0%
Gornje Gnojnice
0%
Gornje Igrane
0%
Gornje Jame
0%
Gornje Kusonje
0%
Gornje Mokrice
0%
Gornje Mrzlo Polje Mrežničko
0%
Gornje Obuljeno
0%
Gornje Orešje
0%
Gornje Planjane
0%
Gornje Plavnice
0%
Gornje Podotočje
0%
Gornje Pokupje
0%
Gornje Predrijevo
0%
Gornje Prekrižje
0%
Gornje Prilišće
0%
Gornje Primišlje
0%
Gornje Psarjevo
0%
Gornje Rovišće
0%
Gornje Stative
0%
Gornje Taborište
0%
Gornje Tihovo
0%
Gornje Utore
0%
Gornje Viljevo
0%
Gornje Vinovo
0%
Gornje Vratno
0%
Gornje Zdelice
0%
Gornji Bitelić
0%
Gornji Bjelovac
0%
Gornji Borki
0%
Gornji Brgat
0%
Gornji Budački
0%
Gornji Bukovac Žakanjski
0%
Gornji Čaglić
0%
Gornji Čehi
0%
Gornji Čemehovec
0%
Gornji Cerovac
0%
Gornji Desinec
0%
Gornji Dobretin
0%
Gornji Dolac
0%
Gornji Draganec
0%
Gornji Dragičevci
0%
Gornji Dragonožec
0%
Gornji Dubovec
0%
Gornji Emovci
0%
Gornji Fodrovec
0%
Gornji Furjan
0%
Gornji Goli Vrh Lipnički
0%
Gornji Grahovljani
0%
Gornji Gučani
0%
Gornji Hruševec
0%
Gornji Humac
0%
Gornji Jalšovec
0%
Gornji Javoranj
0%
Gornji Klasnić
0%
Gornji Kremen
0%
Gornji Kukuruzari
0%
Gornji Kuti
0%
Gornji Lađevac
0%
Gornji Laduč
0%
Gornji Lipovčani
0%
Gornji Lović
0%
Gornji Ložac
0%
Gornji Marinkovac
0%
Gornji Martijanec
0%
Gornji Maslarac
0%
Gornji Meljani
0%
Gornji Miklouš
0%
Gornji Mosti
0%
Gornji Nikšić
0%
Gornji Okrug
0%
Gornji Oštrc
0%
Gornji Oštri Vrh Ozaljski
0%
Gornji Poloj
0%
Gornji Popovac
0%
Gornji Prnjarovec
0%
Gornji Rogolji
0%
Gornji Šehovac
0%
Gornji Selkovac
0%
Gornji Sjeničak
0%
Gornji Skrad
0%
Gornji Škrnik
0%
Gornji Slatinik
0%
Gornji Sređani
0%
Gornji Tkalec
0%
Gornji Tomaš
0%
Gornji Trpuci
0%
Gornji Turni
0%
Gornji Uljanik
0%
Gornji Varoš
0%
Gornji Velemerić
0%
Gornji Vinkovec
0%
Gornji Vrhovci
0%
Gornji Vučkovići
0%
Gornji Vukšinac
0%
Gornji Žagari
0%
Gornji Zagon
0%
Gornji Zbilj
0%
Gornji Žirovac
0%
Gornji Zvečaj
0%
Goršćaki
0%
Goršćaki Ozaljski
0%
Goršeti
0%
Goruševnjak
0%
Gošić
0%
Gostenje
0%
Gostinjac
0%
Gostović
0%
Gotalovec
0%
Gotalovo
0%
Goveđe Polje
0%
Grabarak
0%
Grabarje
0%
Grabarska
0%
Grabe
0%
Graberanec
0%
Graberec
0%
Graberje
0%
Graberje Ivanićko
0%
Graberšćak
0%
Grabik
0%
Grabovac Krnjački
0%
Grabovac Vojnićki
0%
Grabovica
0%
Grabovnica
0%
Grabrić
0%
Grabričina
0%
Grabrk
0%
Grabrovnica
0%
Grabrov Potok
0%
Grabušić
0%
Gračac Slavetički
0%
Gračanica Šišinečka
0%
Gračina
0%
Gradac Našički
0%
Gradečki Pavlovec
0%
Gradec Pokupski
0%
Gradići
0%
Gradina Korenička
0%
Gradiščak
0%
Gradna
0%
Gradski Vrhovci
0%
Gradusa Posavska
0%
Gramalj
0%
Grančari
0%
Grandić Breg
0%
Granice
0%
Granje
0%
Grbajel
0%
Grbaševec
0%
Grdak
0%
Grdanjci
0%
Grdenci
0%
Grdoselo
0%
Grdun
0%
Greda Breška
0%
Gređani
0%
Gredenec
0%
Gredice
0%
Gregurić Breg
0%
Gregurovec
0%
Grešćevina
0%
Grganjica
0%
Grgetići
0%
Grginac
0%
Grič
0%
Griče
0%
Grimalda
0%
Grižane-Belgrad
0%
Grižići
0%
Grkine
0%
Grletinec
0%
Grmušani
0%
Gromača
0%
Gromačnik
0%
Gromin Dolac
0%
Gršćaki
0%
Grtovec
0%
Gubaševo
0%
Gubavčevo Polje
0%
Guče Selo
0%
Gudalji
0%
Gudci
0%
Gunjavci
0%
Gusakovec
0%
Guščerovec
0%
Gustelnica
0%
Gusti Laz
0%
Gustirna
0%
Gvozdanska
0%
Habjanovac
0%
Habjanovci
0%
Hađer
0%
Haganj
0%
Hajtić
0%
Harina Zlaka
0%
Harkanovci
0%
Harmica
0%
Hartje
0%
Havidić Selo
0%
Herešin
0%
Hižakovec
0%
Hižanovec
0%
Hlapa
0%
Hlevci
0%
Hlevnica
0%
Hodilje
0%
Hodinci
0%
Homer
0%
Homoljac
0%
Hosnik
0%
Hotnja
0%
Hrastina
0%
Hrastina Samoborska
0%
Hrastje
0%
Hrastje Plešivičko
0%
Hrastovec Toplički
0%
Hrastovica Vivodinska
0%
Hrastovsko
0%
Hrebine
0%
Hrebinec
0%
Hreljin Ogulinski
0%
Hrgovec
0%
Hribac
0%
Hrkanovci Đakovački
0%
Hrnjanec
0%
Hrnjevac
0%
Hromec
0%
Hršak Breg
0%
Hrsina
0%
Hrsovo
0%
Hrtić
0%
Hrušćica
0%
Hruševec
0%
Hruševec Kupljenski
0%
Hruševec Pušćanski
0%
Hruškovec
0%
Hruškovica
0%
Hrvatski Čuntić
0%
Hrvatsko Žarište
0%
Hrženik
0%
Hudovljani
0%
Hudovo
0%
Humac
0%
Hum Bistrički
0%
Hum Košnički
0%
Humljani
0%
Hum Stubički
0%
Hum Varoš
0%
Hum Zabočki
0%
Husain
0%
Husinec
0%
Husje
0%
Hutin
0%
Ićevo
0%
Igrišće
0%
Ilmin Dvor
0%
Ilovačak
0%
Ilovski Klokočevac
0%
Imbriovec Jalžabetski
0%
Imotica
0%
Imrijevci
0%
Imsovac
0%
Irinovac
0%
Iševnica
0%
Istočni Trojvrh
0%
Ivanbrijeg
0%
Ivančani
0%
Ivančec
0%
Ivančići
0%
Ivančići Pokupski
0%
Ivan Dolac
0%
Ivanec Bistranski
0%
Ivanečki Vrhovec
0%
Ivanečko Naselje
0%
Ivanec Križevački
0%
Ivanić Desinićki
0%
Ivanić Košnički
0%
Ivanić Miljanski
0%
Ivanjski Bok
0%
Ivanković Selo
0%
Ivanovci Đakovački
0%
Ivanovo Polje
0%
Ivošević Selo
0%
Izimje
0%
Jabučeta
0%
Jadrići
0%
Jagma
0%
Jagnjedovec
0%
Jagnjić Dol
0%
Jagodna
0%
Jagodnje
0%
Jagrovac
0%
Jaguplije
0%
Jakačina Mala
0%
Jakomići
0%
Jakopovac
0%
Jakopovec
0%
Jakovci
0%
Jakovci Netretićki
0%
Jakov Polje
0%
Jakšinec
0%
Jakuševec Zabočki
0%
Jales Breznički
0%
Jalkovec
0%
Jalševec Nartski
0%
Jalševec Svibovečki
0%
Jalšje
0%
Jalšovec
0%
Jalžabet
0%
Jamarica
0%
Jamarje
0%
Jame
0%
Jamnica Pisarovinska
0%
Jamno
0%
Jančani
0%
Janja Gora
0%
Janja Lipa
0%
Jankovac
0%
Jankovo Selište
0%
Japaga
0%
Jarčani
0%
Jarče Polje
0%
Jarebinjak
0%
Jarek Bisaški
0%
Jarek Habekov
0%
Jarki
0%
Jarki Horvatićevi
0%
Jarnevići
0%
Jarušje
0%
Jasenaš
0%
Jasenik
0%
Jasenovac Zagorski
0%
Jasenovčani
0%
Jasensko
0%
Jasikovac
0%
Jaškovo
0%
Jasnić Brdo
0%
Javnica
0%
Javor
0%
Javorek
0%
Javorje
0%
Javornik
0%
Javorovac
0%
Jazavica
0%
Jazbina Cvetlinska
0%
Jazvine
0%
Jeduševac
0%
Jelenjak
0%
Jelenščak
0%
Jelisavac
0%
Jelovec
0%
Jelovec Voćanski
0%
Jelov Klanac
0%
Jeminovac
0%
Jerovec
0%
Jertovec
0%
Jesenovec
0%
Ježdovec
0%
Jezerine
0%
Jezerišće
0%
Jezernice
0%
Jezero I Dio
0%
Jezero Klanječko
0%
Jezero Posavsko
0%
Ježevik
0%
Ježevo
0%
Johi
0%
Johovec
0%
Johovo
0%
Joševica
0%
Josipovac Punitovački
0%
Jovac
0%
Jugovac
0%
Jugovo Polje
0%
Juradi
0%
Juranšćina
0%
Jurazini
0%
Jurga
0%
Jurjevac Punitovački
0%
Jurjevčani
0%
Jurjevec
0%
Jurketinec
0%
Jurkovac
0%
Jurkovo Selo
0%
Jurovo
0%
Jurovski Brod
0%
Kabal
0%
Kablar
0%
Kačkovec
0%
Kadanovci
0%
Kakanj
0%
Kakinac
0%
Kakma
0%
Kalebovac
0%
Kalić
0%
Kalinić
0%
Kalinje
0%
Kalinovača
0%
Kalje
0%
Kaluđerovac
0%
Kamenci
0%
Kamenica Skradnička
0%
Kamenički Vrhovec
0%
Kameničko Podgorje
0%
Kamenska
0%
Kamenski Hrib
0%
Kamenski Šeovci
0%
Kamenski Vučjak
0%
Kamešnica
0%
Kampelje
0%
Kanica
0%
Kaniška Iva
0%
Kaniža Gospićka
0%
Kanjane
0%
Kantrovci
0%
Kapela Dvor
0%
Kapela Korenička
0%
Kapela Podravska
0%
Kapela Ravenska
0%
Kapelec
0%
Kapelna
0%
Kapelski Vrh
0%
Kapetanovo Polje
0%
Kapinci
0%
Kapljuv
0%
Karakašica
0%
Karasi
0%
Karivaroš
0%
Karlovac Feričanački
0%
Kartalije
0%
Kašina
0%
Kašinska Sopnica
0%
Kašljavac
0%
Kaštelanec
0%
Kaštel Dežanovački
0%
Kasuni
0%
Katinac
0%
Katinka
0%
Katinovac
0%
Katoličko Selišće
0%
Kavrani
0%
Kebel
0%
Kegljevac
0%
Keići
0%
Kelci
0%
Kelemen
0%
Keleminovec
0%
Kelešinka
0%
Kenđelovec
0%
Kepčije
0%
Kerestinec
0%
Keseri
0%
Keserov Potok
0%
Kešinci
0%
Kestenak
0%
Kestenje
0%
Kihalac
0%
Kijani
0%
Kindrovo
0%
Kinjačka
0%
Kirin
0%
Kitišanci
0%
Klada
0%
Kladare
0%
Kladari
0%
Kladešćica
0%
Kladje
0%
Kladnik
0%
Kladnjice
0%
Klake
0%
Klanac Perjasički
0%
Klanice
0%
Klanječno
0%
Klarići
0%
Klašnjica
0%
Klenice
0%
Klenovac
0%
Klenovec Humski
0%
Klenovica
0%
Klepeće Selo
0%
Klimen
0%
Klimni
0%
Klimno
0%
Klinac
0%
Klipino Brdo
0%
Kliševo
0%
Kljaić Brdo
0%
Kljenak
0%
Ključar
0%
Ključ Brdovečki
0%
Ključić Brdo
0%
Klokočevac
0%
Klokočevci
0%
Klokočevec Samoborski
0%
Klokovec
0%
Kloštar Vojakovački
0%
Klupci-dio
0%
Klupci Začretski
0%
Klupica
0%
Knežci
0%
Knežević Kosa
0%
Knez Gorica
0%
Knežica
0%
Knezovljani
0%
Kobasičari
0%
Kobilić Pokupski
0%
Kočići
0%
Kočičin
0%
Kocijani
0%
Kohanjac
0%
Kokinac
0%
Kokirevo
0%
Kokočak
0%
Kokorići
0%
Kolanjski Gajac
0%
Kolarec
0%
Kolarevo Selo
0%
Kolarić
0%
Kolarina
0%
Kolarovec
0%
Kolašac
0%
Koledinec
0%
Kolenica
0%
Kolenovac
0%
Komaji
0%
Komarnica Ludbreška
0%
Komarovci
0%
Komatnica
0%
Komazeci
0%
Komesarac
0%
Kometnik-Jorgići
0%
Kometnik-Zubići
0%
Komlenići
0%
Komolac
0%
Komora
0%
Komorica
0%
Komor Začretski
0%
Kompator
0%
Kompolje
0%
Kompolje Koreničko
0%
Komuševac
0%
Konak
0%
Kondrić
0%
Konjarić Vrh
0%
Konjkovsko
0%
Konjsko Brdo
0%
Konšćani
0%
Konšćica
0%
Kopčevec
0%
Koprivna
0%
Koprivnica Zagorska
0%
Koprno
0%
Koranska Strana
0%
Koranski Brijeg
0%
Koranski Lug
0%
Koransko Selo
0%
Kordići Žumberački
0%
Kordunski Ljeskovac
0%
Korduševci
0%
Korelići
0%
Koreničani
0%
Korenić Brdo
0%
Korenjak
0%
Koretinec
0%
Korija
0%
Korita
0%
Koritinja
0%
Korušce
0%
Kosa Janjačka
0%
Kosijer Selo
0%
Kosijersko Selo
0%
Kosinožići
0%
Koškovec
0%
Košljun
0%
Kosna
0%
Košnica
0%
Kosovečko
0%
Kostadinovac
0%
Kostanjevac
0%
Kostanjevec Podvrški
0%
Kostanjevec Riječki
0%
Kostel Pribićki
0%
Kostelsko
0%
Kostreši Bjelovački
0%
Kostreši Šaški
0%
Kostrići
0%
Košutarica
0%
Košute
0%
Košutići
0%
Kotarani
0%
Kotari
0%
Kotarice
0%
Kotezi
0%
Koturić
0%
Kozalj Vrh
0%
Kozaperovica
0%
Kozarevac Račanski
0%
Kozarica
0%
Kozarice
0%
Kozibrod
0%
Kozica
0%
Kozice
0%
Kozjača
0%
Kozjak Začretski
0%
Kozjan
0%
Kozji Vrh
0%
Kozlikovo
0%
Kožlovac
0%
Kračevec
0%
Kraguj
0%
Krajačići
0%
Krajcar Breg
0%
Kraj Donji
0%
Kraj Gornji
0%
Kraj Gornji Dubravički
0%
Krajići
0%
Krajiška Kutinica
0%
Krajna
0%
Krajska Ves
0%
Kraljeva Velika
0%
Kraljevčani
0%
Kraljevec Radobojski
0%
Kraljevec Šemnički
0%
Kraljevo Selo
0%
Kraljev Vrh
0%
Krapina Selo
0%
Krapinica
0%
Krasković
0%
Kratečko
0%
Kravljak
0%
Krč Bosiljevski
0%
Krčenik
0%
Krčevina
0%
Krečaves
0%
Kremenići
0%
Kreševo
0%
Kreštelovac
0%
Krivac
0%
Krivaj
0%
Krivaja
0%
Krivaja Pustara
0%
Krivaja Vojnićka
0%
Krivaj Sunjski
0%
Križanče
0%
Križanec
0%
Križci
0%
Križevčec
0%
Križ Gornji
0%
Križ Hrastovački
0%
Križišće
0%
Križ Koranski
0%
Križovljan Radovečki
0%
Krkač
0%
Krmpotske Vodice
0%
Krndija
0%
Krnežići
0%
Krnjeuve
0%
Kropinjak
0%
Krščenovec
0%
Kršikla
0%
Kršinci
0%
Krstatice
0%
Kručica
0%
Krunoslavje
0%
Krupače
0%
Kruškovača
0%
Krušljevo Selo
0%
Krušvari
0%
Krvavica
0%
Kućanci
0%
Kućanci Đakovački
0%
Kućan Ludbreški
0%
Kučari
0%
Kućari
0%
Kučer
0%
Kučevice
0%
Kučilovina
0%
Kućišta Cesarička
0%
Kučište
0%
Kujnik
0%
Kukuljani
0%
Kukunjevac
0%
Kuljaji
0%
Kuljani
0%
Kuna Konavoska
0%
Kuna Pelješka
0%
Kunčani
0%
Kunđevac
0%
Kunđevec
0%
Kunići Ribnički
0%
Kunišinci
0%
Kunovac Kupirovački
0%
Kunovci
0%
Kunovec
0%
Kunovec Breg
0%
Kupčina Žumberačka
0%
Kupeč Dol
0%
Kupinovac
0%
Kupirovo
0%
Kupjak
0%
Kupljenovo
0%
Kupljensko
0%
Kurjavići
0%
Kurpezova Gorica
0%
Kusaja
0%
Kusanovec
0%
Kuševac
0%
Kusijevec
0%
Kuštani
0%
Kustići
0%
Kutanja
0%
Kuterevo
0%
Kutinica
0%
Kutinska Slatina
0%
Kutnjak
0%
Kutovi
0%
Kuželj
0%
Kuzma Perjasička
0%
Kuzmica
0%
Kuzminec
0%
Kuzminec Miljanski
0%
Kvarte
0%
Lacići
0%
Lađanska
0%
Ladešići
0%
Lađevac
0%
Lađevačko Selište
0%
Ladina
0%
Ladinec
0%
Ladislav
0%
Ladislavec
0%
Ladislav Sokolovački
0%
Ladrovići
0%
Ladvenjak
0%
Lakmartin
0%
Laktac
0%
Laktec
0%
Laminac
0%
Lančić
0%
Lapat
0%
Lapovci
0%
Lapšina
0%
Laslavići
0%
Lasovac
0%
Lasovac Brdo
0%
Lastine
0%
Latinovac
0%
Lautari
0%
Lazac Lokvarski
0%
Laz Bistrički
0%
Laze Prnjavor
0%
Lazi Krapinski
0%
Lazi Turopoljski
0%
Laz Stubički
0%
Ledenice
0%
Ledenik Cesarički
0%
Ledina
0%
Ledinec
0%
Ledinec Gornji
0%
Ledine Klanječke
0%
Lekneno
0%
Lemeš
0%
Lemeš Križevački
0%
Lenišće
0%
Lepajci
0%
Lepa Ves
0%
Lepavina
0%
Lepenica
0%
Lepoglavec
0%
Leprovica
0%
Lepšić
0%
Lesci
0%
Lesišćina
0%
Leska
0%
Leskovac Barilovićki
0%
Leskova Draga
0%
Leskovec Toplički
0%
Leštakovec
0%
Letičani
0%
Letovanci
0%
Letovčan Novodvorski
0%
Letovčan Tomaševečki
0%
Levinovac
0%
Levkušje
0%
Lički Ribnik
0%
Liganj
0%
Lijeva Luka
0%
Lijevi Degoj
0%
Lijevo Sredičko
0%
Lila
0%
Lipine
0%
Lipje
0%
Liplje
0%
Lipnica Zagorska
0%
Lipošćaki
0%
Lipovac Hrastinski
0%
Lipovac Krstinjski
0%
Lipovac Majur
0%
Lipovčani
0%
Lipovec Lonjski
0%
Lipovo Brdo
0%
Lipovo Polje
0%
Lipov Pesak
0%
Lisac
0%
Lisičina Gorica
0%
Lisičine
0%
Lisine
0%
Lišnica
0%
Livađani
0%
Lještani
0%
Ljubelj
0%
Ljubelj Kalnički
0%
Ljubina
0%
Ljubitovica
0%
Ljubljeva
0%
Ljubostinje
0%
Ljubotić
0%
Ljudevit Selo
0%
Ljupina
0%
Ljut
0%
Ljuta
0%
Ljutići
0%
Lokošin Dol
0%
Lončar Brdo
0%
Londžica
0%
Lonjgari
0%
Lonjica
0%
Lopača
0%
Loskunja
0%
Lotine
0%
Lovča
0%
Lović Prekriški
0%
Lovorje
0%
Lovorno
0%
Lovranska Draga
0%
Lovrečan
0%
Lovreća Sela
0%
Lovrečka Varoš
0%
Lovrečka Velika
0%
Lovrentovec
0%
Lovska
0%
Lozica
0%
Ložišća
0%
Ložnice
0%
Lubarska
0%
Lubena
0%
Lučane
0%
Lučelnica Tomaševečka
0%
Lučica
0%
Lučice
0%
Lučinci
0%
Ludbreški Ivanac
0%
Ludinica
0%
Lugarski Breg
0%
Lug Gradinski
0%
Lug Orehovički
0%
Lug Poznanovečki
0%
Lug Samoborski
0%
Lug Subotički
0%
Lug Zabočki
0%
Lukačevec
0%
Lukačevec Toplički
0%
Luka Krmpotska
0%
Luka Pokupska
0%
Lukavec
0%
Lukavec Klanječki
0%
Lukavec Posavski
0%
Lukavec Sutlanski
0%
Luke Poljanske
0%
Lukeži
0%
Lukinić Brdo
0%
Lukovčak
0%
Lukovec
0%
Lukšići Ozaljski
0%
Lukunić Draga
0%
Lumbardenik
0%
Lunjkovec
0%
Lupinjak
0%
Luščani
0%
Lužani Zagorski
0%
Lužnica
0%
Mački
0%
Mačkovac
0%
Mačkovo Selo
0%
Macute
0%
Madaraševec
0%
Magadinovac
0%
Maglenča
0%
Maja
0%
Majar
0%
Majdan
0%
Majerje
0%
Majkovec
0%
Majkusi
0%
Majske Poljane
0%
Majski Trtnik
0%
Majurec
0%
Maklen
0%
Makloševac
0%
Makoše
0%
Makov Hrib
0%
Mala Babina Gora
0%
Mala Barna
0%
Mala Branjska
0%
Mala Bršljanica
0%
Mala Buna
0%
Mala Ciglena
0%
Mala Črešnjevica
0%
Mala Crkvina
0%
Mala Dapčevica
0%
Mala Dobra
0%
Mala Erpenja
0%
Mala Hrastilnica
0%
Mala Jasenovača
0%
Mala Jazbina
0%
Mala Klisa
0%
Mala Kosa
0%
Mala Kosnica
0%
Mala Lešnica
0%
Mala Milešina
0%
Mala Mlinska
0%
Mala Mučna
0%
Mala Ostrna
0%
Mala Pačetina
0%
Mala Paka
0%
Mala Paukova
0%
Mala Peratovica
0%
Mala Pisanica
0%
Mala Plana
0%
Mala Rakovica
0%
Mala Rasinjica
0%
Mala Rijeka
0%
Mala Solina
0%
Mala Trapinska
0%
Mala Trnovitica
0%
Mala Učka
0%
Mala Vranovina
0%
Male Drage
0%
Male Sesvete
0%
Male Srakane
0%
Maletići
0%
Mali Banovac
0%
Mali Bastaji
0%
Mali Bilač
0%
Mali Botinovac
0%
Mali Brezovec
0%
Mali Budići
0%
Mali Carevdar
0%
Malička
0%
Mali Dol
0%
Mali Erjavec
0%
Mali Gorenec
0%
Mali Grabičani
0%
Mali Gradac
0%
Mali Grđevac
0%
Mali Jadrč
0%
Malik
0%
Mali Komor
0%
Mali Kozinac
0%
Mali Lipovec
0%
Mali Lovrečan
0%
Mali Lug
0%
Mali Miletinac
0%
Mali Modruš Potok
0%
Malinci
0%
Mali Obljaj
0%
Mali Otok
0%
Mali Pašijan
0%
Mali Poganac
0%
Mali Potočec
0%
Mali Rastovac
0%
Mali Raven
0%
Mali Tabor
0%
Mali Vrh Kamanjski
0%
Mali Vuković
0%
Maljevac
0%
Maljevačko Selište
0%
Malo Grablje
0%
Malo Gradišće
0%
Malo Krčevo
0%
Malo Polje
0%
Malo Selce
0%
Malo Trojstvo
0%
Malo Vukovje
0%
Malunje
0%
Mandaljena
0%
Mandićevac
0%
Mandić Selo
0%
Mandli
0%
Mandre
0%
Manja Vas
0%
Manjerovići
0%
Maranovići
0%
Marčani
0%
Marčenegla
0%
Marenić
0%
Maretić
0%
Maretići
0%
Margečan
0%
Marigutić
0%
Marija Magdalena
0%
Marija Trošt
0%
Marinbrod
0%
Marindolsko Brdo
0%
Marindvor
0%
Marinje Zemlje
0%
Marino Selo
0%
Marinovec
0%
Marinovec Zelinski
0%
Marjančaci
0%
Marjanski Ivanovci
0%
Markovac Križevački
0%
Marković Selo
0%
Markovo
0%
Markovo Polje
0%
Markušbrijeg
0%
Markuševec Turopoljski
0%
Markušići
0%
Marlovac
0%
Maršići
0%
Martina
0%
Martinac
0%
Martinci Miholjački
0%
Martinec Orehovički
0%
Martinić
0%
Martinišće
0%
Martinkovec
0%
Martinovići
0%
Martinovo Selo
0%
Martinšćina
0%
Martinski Vrh
0%
Martiša Ves
0%
Mašić
0%
Maslenjača
0%
Mastrinka
0%
Mašvina
0%
Matenci
0%
Mateše
0%
Mateško Selo
0%
Maturovec
0%
Maurovići
0%
Mavrinci
0%
Međare
0%
Medari
0%
Međeđak
0%
Međeđak Utinjski
0%
Medinci
0%
Medsave
0%
Međurača
0%
Međurače
0%
Međurić
0%
Medveje
0%
Medven Draga
0%
Medvidići
0%
Medvidovića Draga
0%
Mekinjar
0%
Meljan
0%
Melnice
0%
Merenje
0%
Metohija
0%
Mezinovac
0%
Mičetići
0%
Mičetinac
0%
Mičevec
0%
Mičijevac
0%
Migalovci
0%
Mihajlije
0%
Mihaljekov Jarek
0%
Mihanići
0%
Mihanovićev Dol
0%
Mihelići
0%
Miholec
0%
Miholjački Poreč
0%
Miholjanec
0%
Miholjsko
0%
Mijaca
0%
Mijači
0%
Mikleuška
0%
Mikovec
0%
Mikulići
0%
Miladini
0%
Milani
0%
Milanlug
0%
Milanovac
0%
Milaševac
0%
Milaši
0%
Milčetići
0%
Milekovo Selo
0%
Miličani
0%
Milinac
0%
Milivojevci
0%
Miljanovac
0%
Miloševac
0%
Milotski Breg
0%
Milovčići
0%
Miočinovići
0%
Mirca
0%
Mirkopolje
0%
Mirkovec
0%
Mirkovec Breznički
0%
Mišinci
0%
Mišinka
0%
Mitlo
0%
Mitrovac
0%
Mjesto Primišlje
0%
Mladenići
0%
Mlakovac
0%
Mlakva
0%
Mlinski Vinogradi
0%
Modrino Selo
0%
Modrovec
0%
Mokreš
0%
Mokrica Tomaševečka
0%
Mokrice
0%
Mokrice Miholečke
0%
Molve Grede
0%
Molvice
0%
Momčilovića Kosa
0%
Montižana
0%
Montovani
0%
Moravička Sela
0%
Morpolača
0%
Mošanci
0%
Moseć
0%
Moslavačka Slatina
0%
Moštanica
0%
Mostari
0%
Movrač
0%
Mračaj Krstinjski
0%
Mracelj
0%
Mračin
0%
Mratovo
0%
Mravinca
0%
Mravinjac
0%
Mrčevo
0%
Mrežničke Poljice
0%
Mrežnički Brest
0%
Mrežnički Brig
0%
Mrežnički Novaki
0%
Mrežnički Varoš
0%
Mrežničko Dvorište
0%
Mrkoplje
0%
Mrzla Vodica
0%
Mrzli Dol
0%
Mrzljaki
0%
Mrzlo Polje Žumberačko
0%
Mrzović
0%
Munije
0%
Munjava Modruška
0%
Muraj
0%
Muričevec
0%
Mušaluk
0%
Musić
0%
Mutilić
0%
Nadvoda
0%
Nadvrelo
0%
Nadvučnik
0%
Naglići
0%
Najevi
0%
Naklice
0%
Nakovanj
0%
Nart Savski
0%
Naselje Stjepana Radića
0%
Našičko Novo Selo
0%
Natkrižovljan
0%
Naudovac
0%
Nečujam
0%
Nedeljanec
0%
Negnar
0%
Negovec
0%
Nemčevec
0%
Nenadići
0%
Nespeš
0%
Neteka
0%
Nevest
0%
Nevinac
0%
Niza
0%
Nježić
0%
Normanci
0%
Noršić Selo
0%
Noskovačka Dubrava
0%
Noskovci
0%
Novačka
0%
Nova Diklenica
0%
Nova Jošava
0%
Novaki Bistranski
0%
Novaki Bizovački
0%
Novaki Lipnički
0%
Novaki Nartski
0%
Novaki Oborovski
0%
Novaki Ozaljski
0%
Novaki Pazinski
0%
Novaki Petrovinski
0%
Novaki Ravenski
0%
Novaki Šćitarjevski
0%
Novakovec Bisaški
0%
Nova Krivaja
0%
Nova Kršlja
0%
Nova Lipa
0%
Nova Lipovica
0%
Nova Ljeskovica
0%
Nova Mokošica
0%
Nova Pisanica
0%
Nova Ploščica
0%
Nova Šarovka
0%
Nova Subocka
0%
Nove Hiže
0%
Novi Antunovac
0%
Novi Bešinci
0%
Novi Bošnjani
0%
Novi Dol
0%
Novi Đurđic
0%
Novi Dvori Klanječki
0%
Novi Farkašić
0%
Novi Glog
0%
Novi Grabovac
0%
Novi Gradac
0%
Novigrad na Dobri
0%
Novi Lazi
0%
Novi Majur
0%
Novi Mihaljevci
0%
Novi Pavljani
0%
Novi Senkovac
0%
Novi Skucani
0%
Novi Štitnjak
0%
Novi Varoš
0%
Novi Zdenkovac
0%
Novo Brdo
0%
Novo Brdo Mrežničko
0%
Novo Kusonje
0%
Novo Mjesto
0%
Novo Petrovo Polje
0%
Novoselci
0%
Novoselec
0%
Novo Selište
0%
Novoseljani
0%
Novoselo Bilajsko
0%
Novo Selo Bosiljevsko
0%
Novo Selo Garešničko
0%
Novo Selo Glinsko
0%
Novo Selo Koreničko
0%
Novo Selo Lasinjsko
0%
Novo Selo Okićko
0%
Novo Selo Perjasičko
0%
Novoselo Trnovačko
0%
Novo Selo Žumberačko
0%
Novo Topolje
0%
Novo Zvečevo
0%
Nurkovac
0%
Obedišće Ježevsko
0%
Oborovo
0%
Oborovo Bistransko
0%
Obradovci
0%
Obrezina
0%
Obrež Kalnički
0%
Obrež Vivodinski
0%
Obrež Zelinski
0%
Obrh
0%
Obrovnica
0%
Obrš
0%
Očura
0%
Odranski Obrež
0%
Oglavci
0%
Ohnići
0%
Okešinec
0%
Oključna
0%
Okrivje
0%
Okrugljača
0%
Okuje
0%
Okuklje
0%
Okunšćak
0%
Oljasi
0%
Omamno
0%
Omsica
0%
Opanci
0%
Opasanjek
0%
Opatinec
0%
Općevac
0%
Oplaznik
0%
Oprić
0%
Opršinac
0%
Orašac
0%
Oratje
0%
Oravac
0%
Ordanja
0%
Orehova Gorica
0%
Orehovec Radobojski
0%
Orešac
0%
Orešje
0%
Orešje Humsko
0%
Orešje Okićko
0%
Orijevac
0%
Oriovčić
0%
Orišje
0%
Orljakovo
0%
Orljavac
0%
Orlovac
0%
Orlovac Zdenački
0%
Ornice
0%
Orovac
0%
Osečka
0%
Osekovo
0%
Osijek Vojakovački
0%
Oskorušno
0%
Oslići
0%
Ošlje
0%
Osobjava
0%
Osojnik
0%
Osonjak
0%
Osredci
0%
Osredek Desinićki
0%
Osredek Žumberački
0%
Ostojići
0%
Oštrice
0%
Oštri Vrh
0%
Oštri Zid
0%
Oštrobradić
0%
Ostrogašica
0%
Ostrošinci
0%
Ostrožin
0%
Ostrvica
0%
Osunja
0%
Oteš
0%
Otkopi
0%
Otočka
0%
Otok na Dobri
0%
Otok Nartski
0%
Otok Oštarijski
0%
Otok Svibovski
0%
Otrčkovec
0%
Otruševec
0%
Ovčare
0%
Ovrlje
0%
Ozdakovci
0%
Ožegovci
0%
Pađene
0%
Pagubice
0%
Pakrani
0%
Palača
0%
Paladini
0%
Palančani
0%
Palanjek Pokupski
0%
Palanka
0%
Palešnik
0%
Palje Brdo
0%
Paljevina
0%
Paljevine
0%
Paljugi
0%
Pamići
0%
Panjani
0%
Papići
0%
Papinec
0%
Parčić
0%
Parg
0%
Paruževac
0%
Paruževina
0%
Pasadur
0%
Pasanska Gorica
0%
Pasikovci
0%
Pašin Potok
0%
Pašnik
0%
Pauci
0%
Paučje
0%
Paukovac
0%
Paukovec
0%
Paulovac
0%
Paunovac
0%
Paušinci
0%
Pavičići
0%
Pavković Selo
0%
Pavličani
0%
Pavlin Kloštar
0%
Pavlovac Vrebački
0%
Pavlovčani
0%
Pavlovec Pregradski
0%
Pavlovec Ravenski
0%
Pavlovec Zabočki
0%
Pavučnjak
0%
Pažurovec
0%
Pećane
0%
Pećarići
0%
Pece
0%
Pećišće
0%
Pecka
0%
Pecki
0%
Pećno
0%
Pećurkovo Brdo
0%
Pedalj
0%
Pehardovac
0%
Peničići
0%
Pepelana
0%
Peračko Blato
0%
Perenci
0%
Perići
0%
Perjasica
0%
Peršaves
0%
Perušić Donji
0%
Pesak
0%
Pešćenica Vinička
0%
Peščenik
0%
Pešćeno
0%
Pesek
0%
Peskovec
0%
Petkov Breg
0%
Petkovec Toplički
0%
Petrača
0%
Petrakovo Brdo
0%
Petravec
0%
Petričko Selo
0%
Petrinjci
0%
Petrova Poljana
0%
Petrova Slatina
0%
Petrovina
0%
Petrovina Turopoljska
0%
Petrunići
0%
Petruševec
0%
Petruš Vrh
0%
Pifari
0%
Pihovec
0%
Pijavica
0%
Pijavičino
0%
Pila
0%
Pilatovci
0%
Piljenice
0%
Pirakovec
0%
Pirelići
0%
Pišćanovec
0%
Piščetke
0%
Piškorevci
0%
Piškovec
0%
Piškovica
0%
Pitve
0%
Pivare
0%
Pivnica Slavonska
0%
Pješčanica
0%
Plajzi
0%
Planina Donja
0%
Planina Gornja
0%
Planina Kunićka
0%
Planina Skradska
0%
Plano
0%
Plastovo
0%
Plavci
0%
Plavić
0%
Plavšinac
0%
Plemenitaš
0%
Plemenšćina
0%
Plešce
0%
Plesmo
0%
Pleternički Mihaljevci
0%
Plina Jezero
0%
Plisko Polje
0%
Plitvica Voćanska
0%
Plitvički Ljeskovac
0%
Plosna
0%
Ploštine
0%
Pluska
0%
Pobjenik
0%
Pobrđani
0%
Pobrđani Vojakovački
0%
Pobrežje
0%
Podašpilje
0%
Podastrana
0%
Podbablje Gornje
0%
Podbilo
0%
Podbrđe
0%
Podbrezovica
0%
Podcetin
0%
Podčudnič
0%
Podgajci Podravski
0%
Podgajec
0%
Podgaj Petrovski
0%
Podglavica
0%
Podgora Krapinska
0%
Podgorani
0%
Podgora Turkovska
0%
Podgorci
0%
Podgorje
0%
Podgorje Bednjansko
0%
Podgorje Bistričko
0%
Podgorje Bračevačko
0%
Podgorje Jamničko
0%
Podgorje Krnjačko
0%
Podgrađe Podokićko
0%
Podgraj
0%
Podhum
0%
Podhume
0%
Podhumlje
0%
Podimoć
0%
Podine
0%
Podjales
0%
Podkilavac
0%
Podlapača
0%
Podlug
0%
Podlužan
0%
Podmelnica
0%
Podmelnik
0%
Podobuče
0%
Podolec
0%
Podolje
0%
Podorljak
0%
Podosoje
0%
Podoštra
0%
Podravlje
0%
Podrebar
0%
Podrvanj
0%
Podsedlo
0%
Podselje
0%
Podslemeni Lazi
0%
Podšpilje
0%
Podsreće
0%
Podstena
0%
Podstene
0%
Podstrana - Sita
0%
Podstrana - Žminjača
0%
Podstražje
0%
Podumci
0%
Podumol
0%
Podunavlje
0%
Poduzetnička Zona Jalžabet
0%
Podvinje Miholečko
0%
Podvorec
0%
Podvornica
0%
Podvožić
0%
Podvrh
0%
Podvučnik
0%
Pofuki
0%
Pogančec
0%
Poganovci
0%
Pokasin
0%
Poklek
0%
Pokojec
0%
Pokupsko Vratečko
0%
Polače
0%
Police
0%
Police Pirišće
0%
Poljana Biškupečka
0%
Poljana Čička
0%
Poljana Križevačka
0%
Poljana Lekenička
0%
Poljana Sutlanska
0%
Poljana Vojnićka
0%
Poljančani
0%
Poljanci
0%
Poljanec
0%
Poljanica Bistranska
0%
Poljanica Bistrička
0%
Poljanica Okićka
0%
Poljanska
0%
Poljanski Lug
0%
Polje Krapinsko
0%
Polje Ozaljsko
0%
Poljica Kozička
0%
Pologi
0%
Polojski Varoš
0%
Polonje
0%
Polonje Tomaševečko
0%
Polubaše
0%
Polum
0%
Pomena
0%
Pomperovec
0%
Ponikvari
0%
Ponor
0%
Ponorac
0%
Ponorac Perjasički
0%
Ponori
0%
Ponor Korenički
0%
Popovača Pazariška
0%
Popova Luka
0%
Popovec
0%
Popovec Kalnički
0%
Popović Brdo
0%
Popovići Žumberački
0%
Popovo Selo
0%
Poredje
0%
Posavski Bregi
0%
Postranje
0%
Pothum Plaščanski
0%
Potirna
0%
Potkonje
0%
Potočec
0%
Potok Bosiljevski
0%
Potok Kalnički
0%
Potok Tounjski
0%
Potomje
0%
Potplaninsko
0%
Potravlje
0%
Povelić
0%
Povile
0%
Požarkovec
0%
Požarnica
0%
Požeška Koprivnica
0%
Požeški Brđani
0%
Pozorac
0%
Požun
0%
Pračana
0%
Prapatnica
0%
Prapatnice
0%
Praporčan
0%
Praputnjak
0%
Prašćari
0%
Praščevac
0%
Pravutina
0%
Pražnica
0%
Prebukovje
0%
Prečec
0%
Prečno
0%
Predavac
0%
Predavec
0%
Predavec Križevački
0%
Prekno
0%
Prekobrdo
0%
Prekopakra
0%
Prekoračani
0%
Prekrižje Plešivičko
0%
Prekvršje
0%
Prelošćica
0%
Prepolno
0%
Prepuštovec
0%
Prerovec
0%
Presečno
0%
Presečno Visočko
0%
Preseka Oborovska
0%
Preseka Ozaljska
0%
Preseka Petrovska
0%
Preslatinci
0%
Prespa
0%
Pretkovec
0%
Pretoki
0%
Previž
0%
Prevršac
0%
Prgomelje
0%
Prhci
0%
Prhoć
0%
Prhutova Draga
0%
Pribanjci
0%
Pribić Crkveni
0%
Pribiševci
0%
Pribudić
0%
Prigorje
0%
Prigorje Brdovečko
0%
Prijeboj
0%
Prijeka
0%
Prijevor
0%
Prikraj
0%
Prikraj Križevački
0%
Priles
0%
Prilesje
0%
Prilipje
0%
Priselci
0%
Prisjeka
0%
Prišlin
0%
Pristava
0%
Pristava Krapinska
0%
Prkačini
0%
Prkos Lasinjski
0%
Prkovići
0%
Prljevo
0%
Prnjavor Čuntićki
0%
Prnjavor Lepavinski
0%
Prodani
0%
Prodin Dol
0%
Promajna
0%
Prosenik
0%
Prosenik Gubaševski
0%
Prosenik Začretski
0%
Prosinec
0%
Protulipa
0%
Prozorje
0%
Prožura
0%
Prožurska Luka
0%
Pršleti
0%
Prudnice
0%
Prugovac
0%
Prvan Selo
0%
Prvča
0%
Prvinci
0%
Prvonožina
0%
Pucak
0%
Pucići
0%
Puklica
0%
Punikve
0%
Pupelica
0%
Pupnat
0%
Purga Bednjanska
0%
Puričani
0%
Pušava
0%
Pušina
0%
Pustakovec
0%
Pustike
0%
Pustodol
0%
Pustodol Orehovički
0%
Pustodol Začretski
0%
Putišići
0%
Putkovec
0%
Rabinja
0%
Račak
0%
Račice
0%
Račički Brijeg
0%
Račišće
0%
Radakovo
0%
Radašinovci
0%
Radatovići
0%
Radeljevo Selo
0%
Rađenovci
0%
Radešić
0%
Radigojna
0%
Radikovci
0%
Radina Gorica
0%
Radina Vas
0%
Radinovo Brdo
0%
Radljevac
0%
Radmanovac
0%
Radnovac
0%
Radočaj Brodski
0%
Radočaji
0%
Radoišće
0%
Radonja
0%
Radonja Luka
0%
Radosavci
0%
Radoševići
0%
Radošić
0%
Radovanci
0%
Radovanje
0%
Radovčići
0%
Radovec
0%
Radovec Polje
0%
Radulec
0%
Radunić
0%
Rafaeli
0%
Rajakovići
0%
Rajčići
0%
Rajić
0%
Rajić Brdo
0%
Rajino Polje
0%
Rajsavac
0%
Rakitje
0%
Rakitnica
0%
Rakitovica
0%
Rakovec Tomaševečki
0%
Rakovičko Selište
0%
Rakov Potok
0%
Ramanovci
0%
Rapavel
0%
Rašćane Gornje
0%
Rašćani
0%
Raskrižje
0%
Raskrižje Tihovo
0%
Rasna
0%
Rasohe
0%
Rasopasno
0%
Rastičevo
0%
Rastoki
0%
Rastovača
0%
Rastovac Budački
0%
Ratkovac
0%
Ratkov Dol
0%
Ratkovec
0%
Ratulje
0%
Rausovac
0%
Ravan
0%
Ravča
0%
Ravneš
0%
Ravnica
0%
Ravnice
0%
Ravnice Desinićke
0%
Ravni Dabar
0%
Ravninsko
0%
Ravno Brezje
0%
Ravno Rašće
0%
Razbojište
0%
Razdrto
0%
Razdrto Tuheljsko
0%
Razljev
0%
Razloge
0%
Razloški Okrug
0%
Razvor
0%
Rebrovići
0%
Rečica Kriška
0%
Redovje
0%
Reka
0%
Removac
0%
Rendulići
0%
Repaš
0%
Repićevo Selo
0%
Repinec
0%
Repišće
0%
Repno
0%
Repovec
0%
Repušnica
0%
Rešetar
0%
Rešetarevo
0%
Rešetari
0%
Reškovci
0%
Resnatac
0%
Resnik Bosiljevski
0%
Reštovo
0%
Reštovo Žumberačko
0%
Retkovec Svibovečki
0%
Rezovac
0%
Rezovačke Krčevine
0%
Ribari
0%
Ribarići
0%
Ribić Breg
0%
Ribnjaci
0%
Ribnjačka
0%
Rijeka Koprivnička
0%
Rijeka Voćanska
0%
Rijenci
0%
Rinkovec
0%
Risika
0%
Risvica
0%
Rit
0%
Rivalno
0%
Rizvanuša
0%
Rodin Potok
0%
Rogač
0%
Rogačić
0%
Rogi
0%
Rogovac
0%
Rogoža
0%
Rogulje
0%
Ropa
0%
Roškići
0%
Rosopajnik
0%
Rovci
0%
Roviška
0%
Rovištanci
0%
Rovno
0%
Rožat
0%
Roždanik
0%
Roženica
0%
Rozga
0%
Rozmajerovac
0%
Rtić
0%
Rudanovac
0%
Rude Pribićke
0%
Rudeži
0%
Rudina
0%
Rudopolje Bruvanjsko
0%
Rujevo
0%
Rukljevina
0%
Rumin
0%
Rušani
0%
Ruševac
0%
Ruševica
0%
Ruševo Krmpotsko
0%
Ruškovac
0%
Ruškovica
0%
Rusnica
0%
Sabljići
0%
Sadikovac
0%
Sadilovac
0%
Šagovina Mašićka
0%
Šagudovec
0%
Šakanlije
0%
Salajci
0%
Šalamunić
0%
Šalamunovec
0%
Salinovec
0%
Salnik
0%
Salopek Luke
0%
Šalovec
0%
Samarica
0%
Samatovci
0%
Samci
0%
Samoborec
0%
Samoborski Otok
0%
Sapina Doca
0%
Saplunara
0%
Sapna
0%
Šaptinovci
0%
Sarovo
0%
Saršoni
0%
Šartovac
0%
Šaš
0%
Šaša
0%
Šaševa
0%
Šaševo
0%
Sasi
0%
Šašinovec
0%
Sasovac
0%
Sastavak
0%
Satnica Đakovačka
0%
Šatornja
0%
Satrić
0%
Savršćak
0%
Savska Cesta
0%
Savski Bok
0%
Savski Marof
0%
Sažije
0%
Ščapovec
0%
Šćepanje
0%
Šćrbinec
0%
Šćulci
0%
Šebreki
0%
Sedalce
0%
Sedlarica
0%
Sedramić
0%
Šeganovac
0%
Šegestin
0%
Seget Vranjica
0%
Seketin
0%
Šeketino Brdo
0%
Sekirevo Selo
0%
Sekirišće
0%
Sekulići
0%
Sekulinci
0%
Sela Bosiljevska
0%
Selakova Poljana
0%
Selanec
0%
Sela Ravenska
0%
Sela Žakanjska
0%
Selca kod Bogomolja
0%
Selca kod Starog Grada
0%
Selce Žumberačko
0%
Selci
0%
Selci Đakovački
0%
Selci Križovljanski
0%
Selišće Sunjsko
0%
Selište Drežničko
0%
Selište Kostajničko
0%
Seljanec
0%
Selnica Miholečka
0%
Selnica Podravska
0%
Selnica Psarjevačka
0%
Selnica Šćitarjevska
0%
Selo Sveti Marko
0%
Šelovec
0%
Selsko Brdo
0%
Semić
0%
Šemovci
0%
Šemovec Breški
0%
Senjska Draga
0%
Seoca
0%
Seona
0%
Šeovci
0%
Šeovica
0%
Šepci Podstenski
0%
Šeraje
0%
Sertić Poljana
0%
Šestak Brdo
0%
Sesvete Ludbreške
0%
Ševalj
0%
Severovci
0%
Sevid
0%
Sevid na Moru
0%
Šibine
0%
Sibinj Krmpotski
0%
Sibokovac
0%
Šibovac
0%
Siča
0%
Sigetac
0%
Šijanec
0%
Šije
0%
Šiljakovina
0%
Šilješki
0%
Šiljki
0%
Šiljkovača
0%
Šimatovo
0%
Šimljana
0%
Šimljanik
0%
Šimraki
0%
Šimunčevec
0%
Šimunci
0%
Šinkovica Bednjanska
0%
Šinkovica Šaška
0%
Sinlije
0%
Šipački Breg
0%
Šipki
0%
Šiptari
0%
Širinci
0%
Širine
0%
Širinec
0%
Široka Kula
0%
Široka Rijeka
0%
Široke
0%
Široko Polje
0%
Široko Selo
0%
Sirova Katalena
0%
Šišinec
0%
Sječevac
0%
Sjeničak Lasinjski
0%
Sjeverovac
0%
Škalić Zagorski
0%
Škalnica
0%
Škarićevo
0%
Škarnik
0%
Skenderovci
0%
Skoblić Brdo
0%
Škodinovac
0%
Skradinsko Polje
0%
Skradsko Selo
0%
Škriljevec
0%
Škrinjari
0%
Škrip
0%
Skrivena Luka
0%
Škrljevo
0%
Skukani
0%
Skupica
0%
Slabinja
0%
Sladojevački Lug
0%
Slana
0%
Slani Dol
0%
Slani Potok
0%
Slapnica
0%
Slapno
0%
Slatina Pokupska
0%
Slatina Svedruška
0%
Slatine
0%
Slatinik Drenjski
0%
Slatinski Drenovac
0%
Slavagora
0%
Slavetić
0%
Slavica
0%
Slavsko Polje
0%
Sleme Skradsko
0%
Slime
0%
Slivarsko
0%
Šlivnjak
0%
Slivonja Jarek
0%
Šljivovac
0%
Slobodnica
0%
Sloboština
0%
Slovinska Kovačica
0%
Slunjska Selnica
0%
Slunjski Moravci
0%
Smerovišće
0%
Smiljansko Polje
0%
Smišljak
0%
Smokovljani
0%
Smokvica Krmpotska
0%
Smoljanac
0%
Smoljanovci
0%
Smolonje
0%
Smrdelje
0%
Smrečje
0%
Smrekari
0%
Šmrika
0%
Smude
0%
Šnjegavić
0%
Snos
0%
Soblinec
0%
Sobočani
0%
Soboli
0%
Sobra
0%
Sočanica
0%
Sokoli
0%
Soldatići
0%
Sopač
0%
Sopčić Vrh
0%
Sopjanska Greda
0%
Sopote
0%
Šopron
0%
Sošice
0%
Sovari
0%
Sovinjska Brda
0%
Sovišćina
0%
Sovjak
0%
Spahići
0%
Španat
0%
Španovica
0%
Sparagovići
0%
Sparednjak
0%
Špehari
0%
Špigelski Breg
0%
Špiranec
0%
Splitska
0%
Sračak
0%
Srdinac
0%
Srebrnjak
0%
Sredanci
0%
Sredice Gornje
0%
Srednja Diklenica
0%
Srednja Draga
0%
Srednja Gora
0%
Srednjak
0%
Srednja Krašićevica
0%
Srednja Meminska
0%
Srednja Velika
0%
Srednje Mokrice
0%
Srednje Prilišće
0%
Srednji Dubovec
0%
Srednji Grahovljani
0%
Srednji Mosti
0%
Srednji Poloj
0%
Sreser
0%
Sroki
0%
Sršići
0%
Štaglinec
0%
Štakorovica
0%
Stančić
0%
Stančići
0%
Stancija Vodopija
0%
Stanica Roč
0%
Staničići Žumberački
0%
Stanić Polje
0%
Staništa
0%
Stankovo
0%
Stara Diklenica
0%
Stara Jošava
0%
Stara Krivaja
0%
Stara Kršlja
0%
Stara Lipa
0%
Stara Ljeskovica
0%
Stara Marča
0%
Stara Plošćica
0%
Stara Subocka
0%
Stara Sušica
0%
Stara Ves Košnička
0%
Stara Ves Petrovska
0%
Stara Ves Ravenska
0%
Starčevljani
0%
Stare Plavnice
0%
Stari Bošnjani
0%
Stari Brod
0%
Stari Farkašić
0%
Stari Glog
0%
Stari Golubovec
0%
Stari Grabovac
0%
Stari Gradac
0%
Stari Grad Žumberački
0%
Stari Laz
0%
Stari Lazi
0%
Stari Majur
0%
Starin
0%
Starine
0%
Stari Pavljani
0%
Stari Skucani
0%
Stari Zdenkovac
0%
Starjak
0%
Starogradački Marof
0%
Staro Petrovo Polje
0%
Staro Štefanje
0%
Staro Topolje
0%
Staza
0%
Stažnjevec
0%
Štedrica
0%
Štefanci
0%
Stilja
0%
Stipan
0%
Stipanovci
0%
Stipernica
0%
Štirkovac
0%
Štitnjak
0%
Stivašnica
0%
Stojavnica
0%
Stojčinovac
0%
Stojdraga
0%
Stojmerić
0%
Strahinje
0%
Strahinje Radobojsko
0%
Stravča
0%
Straža
0%
Straža Krapinska
0%
Stražanac
0%
Stražbenica
0%
Stražeman
0%
Strezojevo
0%
Strgari
0%
Štrigovec
0%
Striježevica
0%
Strilčići
0%
Strižičevac
0%
Strizirep
0%
Strmačka
0%
Strmac Pribićki
0%
Strmec Bukevski
0%
Strmec Humski
0%
Strmec Podravski
0%
Strmec Stubički
0%
Strmec Sutlanski
0%
Štrucljevo
0%
Struga
0%
Struga Banska
0%
Struga Nartska
0%
Štrukovec
0%
Stružani
0%
Stubalj
0%
Stubica
0%
Stubička Slatina
0%
Studena
0%
Stupa
0%
Štuparje
0%
Stupe
0%
Stupnički Kuti
0%
Stupnički Obrež
0%
Štuti
0%
Subotica Podravska
0%
Sudaraž
0%
Sudovčina
0%
Suhač
0%
Suhaja
0%
Suha Katalena
0%
Suha Mlaka
0%
Suhodol Budački
0%
Suhodol Zelinski
0%
Suhor
0%
Šulinec
0%
Šumanovci
0%
Šumarina
0%
Šumeđe
0%
Sunger
0%
Šuplja Lipa
0%
Šurdovec
0%
Sušac
0%
Sušanj Cesarički
0%
Šušelj Brijeg
0%
Sušine
0%
Šušnjari
0%
Šušnjevci
0%
Šušnjići
0%
Sušobreg Bistrički
0%
Sušobreg-dio (Donji Sušobreg)
0%
Sustjepan
0%
Sutina
0%
Sutinske Toplice
0%
Suvoj
0%
Sužan
0%
Švaljkovec
0%
Svedruža
0%
Svetice
0%
Svetičko Hrašće
0%
Sveti Đurađ
0%
Sveti Ivan Dobrinjski
0%
Sveti Lovreč Pazenatički
0%
Sveti Matej
0%
Sveti Petar Čvrstec
0%
Sveti Petar Mrežnički
0%
Sveti Vid Dobrinjski
0%
Sveti Vid-Miholjice
0%
Svetoblažje
0%
Svetojurski Vrh
0%
Svetonedeljski Breg
0%
Svibje
0%
Svilna
0%
Svinca
0%
Svinica
0%
Svinica Krstinjska
0%
Svinišće
0%
Svinjarec
0%
Svirče
0%
Svojić
0%
Svračica
0%
Svračkovo Selo
0%
Švrakarica
0%
Svrževo
0%
Tanac
0%
Tarno
0%
Tatar Varoš
0%
Tedrovec
0%
Tekić
0%
Temovec
0%
Teodorovac
0%
Tepljuh
0%
Tiborjanci
0%
Tićan
0%
Tići
0%
Tihočaj
0%
Timarci
0%
Tisanić Jarek
0%
Tiškovac Lički
0%
Tisovac Žumberački
0%
Tkalci
0%
Tkalec
0%
Točak
0%
Točak Perjasički
0%
Tociljevac
0%
Točionik
0%
Tolić
0%
Tomašanci
0%
Tomaševci
0%
Tomašica
0%
Tomašići
0%
Tomašnica
0%
Tomingaj
0%
Tominovac
0%
Tomislavovac
0%
Tončići
0%
Topoline
0%
Topolovec
0%
Topolovec Pisarovinski
0%
Topolovica
0%
Toranj
0%
Torčec
0%
Trapari
0%
Trebež
0%
Trebovec
0%
Treglava
0%
Trema
0%
Tremušnjak
0%
Trenkovo
0%
Trepča
0%
Trešćerovac
0%
Treštanovci
0%
Trgovišće
0%
Tribalj
0%
Tribulje
0%
Tripari
0%
Trnakovac
0%
Trnavac
0%
Trnava Cabunska
0%
Trnbusi
0%
Trnovac Glinski
0%
Trnovac Sokolovački
0%
Trnovec Desinićki
0%
Trnovica
0%
Trnovitički Popovac
0%
Trnovo
0%
Trojeglava
0%
Trojstveni Markovac
0%
Trojvrh
0%
Trolokve
0%
Tropeti
0%
Tršće
0%
Trški Lazi
0%
Trški Vrh
0%
Trstenik Nartski
0%
Trtnik Glinski
0%
Trupinjak
0%
Tržić
0%
Tržić Primišljanski
0%
Tržić Tounjski
0%
Tugonica
0%
Tuhovec
0%
Tuk Bjelopoljski
0%
Tuliševica
0%
Tulnik
0%
Tupčina
0%
Turanovac
0%
Turčenica
0%
Turčević Polje
0%
Turčić
0%
Turke
0%
Turkovčina
0%
Turnašica
0%
Turnić
0%
Turnišće
0%
Turnišće Desinićko
0%
Turnišće Klanječko
0%
Turnovo
0%
Tusti Vrh
0%
Tvrda Reka
0%
Udbinja
0%
Udetin
0%
Udovičići
0%
Ugarci
0%
Uljanički Brijeg
0%
Uljanik
0%
Umčani
0%
Umetić
0%
Umol
0%
Uskoplje
0%
Uštica
0%
Utinja
0%
Utinja Vrelo
0%
Utiskani
0%
Utolica
0%
Vadalj
0%
Vadina
0%
Vajin Vrh
0%
Valenovac
0%
Valetić
0%
Valići
0%
Vanići
0%
Vantačići
0%
Varaštovac
0%
Varivode
0%
Varoš
0%
Varoš Bosiljevski
0%
Vaška
0%
Većeslavec
0%
Vedašić
0%
Vedro Polje
0%
Vejaki
0%
Vela Učka
0%
Veleškovec
0%
Veli Dol
0%
Velika Babina Gora
0%
Velika Barna
0%
Velika Branjska
0%
Velika Bršljanica
0%
Velika Buna
0%
Velika Črešnjevica
0%
Velika Crkvina
0%
Velika Dapčevica
0%
Velika Erpenja
0%
Velika Gora
0%
Velika Horvatska
0%
Velika Hrastilnica
0%
Velika Jamnička
0%
Velika Jasenovača
0%
Velika Jazbina
0%
Velika Klisa
0%
Velika Kosnica
0%
Velika Lešnica
0%
Velika Milešina
0%
Velika Mlinska
0%
Velika Mučna
0%
Velika Ostrna
0%
Velika Paka
0%
Velika Peratovica
0%
Velika Petrovagorska
0%
Velika Plana
0%
Velika Rakovica
0%
Velika Rasinjica
0%
Velika Solina
0%
Velika Trapinska
0%
Velika Trnava
0%
Velika Ves
0%
Velika Veternička
0%
Velika Voda
0%
Velika Vranovina
0%
Velike Brisnice
0%
Velike Drage
0%
Velike Sesvete
0%
Veliki Banovac
0%
Veliki Bastaji
0%
Veliki Bilač
0%
Veliki Botinovac
0%
Veliki Brezovec
0%
Veliki Bročanac
0%
Veliki Budići
0%
Veliki Erjavec
0%
Veliki Gorenec
0%
Veliki Grabičani
0%
Veliki Gradac
0%
Veliki Jadrč
0%
Veliki Komor
0%
Veliki Kozinac
0%
Veliki Lipovec
0%
Veliki Lovrečan
0%
Veliki Miletinac
0%
Veliki Modruš Potok
0%
Veliki Obljaj
0%
Veliki Otok
0%
Veliki Pašijan
0%
Veliki Poganac
0%
Veliki Potočec
0%
Veliki Prokop
0%
Veliki Rastovac
0%
Veliki Raven
0%
Veliki Vrh
0%
Veliki Vrh Kamanjski
0%
Veliki Žitnik
0%
Veliko Krčevo
0%
Veliko Selce
0%
Veliko Vukovje
0%
Velimirovac
0%
Velinci
0%
Veliškovci
0%
Veljunska Glina
0%
Veljunski Ponorac
0%
Velo Grablje
0%
Velušić
0%
Venac Mrežnički
0%
Venje
0%
Vesela
0%
Veselići
0%
Veternica
0%
Vetovo
0%
Vezac
0%
Vežnaveri
0%
Viča Sela
0%
Videkić Selo
0%
Vidovac Cesarički
0%
Vidovci
0%
Vidovec Krapinski
0%
Vidovec Petrovski
0%
Vidrenjak
0%
Vidulini
0%
Vijenac Barilovićki
0%
Vilanci
0%
Viletinec
0%
Vilić Selo
0%
Vinagora
0%
Vinarec
0%
Vinično
0%
Vinine
0%
Vinipotok
0%
Vinišće
0%
Vini Vrh
0%
Vinkovec
0%
Vinogradci
0%
Vinovac
0%
Vinski Vrh
0%
Vinterovec
0%
Virje Križovljansko
0%
Višći Vrh
0%
Višnjevec
0%
Višnjevec Podvrški
0%
Visočani
0%
Visoće
0%
Visoka
0%
Visoka Greda
0%
Visovi
0%
Visuć
0%
Vitešinec
0%
Vižanovec
0%
Vižovlje
0%
Vladimirovac
0%
Vladisovo
0%
Vlahović
0%
Vlaislav
0%
Vlašić Brdo
0%
Vlaškovec
0%
Vlatkovac
0%
Voćarica
0%
Vodena Draga
0%
Vodostaj
0%
Vodovađa
0%
Vojakovac
0%
Vojišnica
0%
Vojlovica
0%
Vojnić-Breg
0%
Vojnić Sinjski
0%
Vojnovac
0%
Vojnovec Kalnički
0%
Vojnovec Loborski
0%
Vojnović Brdo
0%
Vojsak
0%
Vojvodinec
0%
Volarice
0%
Volavec
0%
Volavje
0%
Voljavec Riječki
0%
Vorkapić
0%
Vošteni
0%
Vraneševci
0%
Vranići kod Višnjana
0%
Vranjak Žumberački
0%
Vrankovec
0%
Vranovača
0%
Vranov Dol
0%
Vranovine
0%
Vrataruša
0%
Vratečko
0%
Vratnik
0%
Vratnik Samoborski
0%
Vratno Otok
0%
Vrbanovec
0%
Vrbanska Draga
0%
Vrbišnica
0%
Vrbno
0%
Vrbovečki Pavlovec
0%
Vrbovec Samoborski
0%
Vrbovljani
0%
Vrbovo Posavsko
0%
Vrčići
0%
Vrčin Dol
0%
Vrebac
0%
Vrelo Koreničko
0%
Vrh Brodski
0%
Vrhi Pregradski
0%
Vrhi Vinagorski
0%
Vrhjani
0%
Vrh Letovanićki
0%
Vrhovački Sopot
0%
Vrhovac Sokolovački
0%
Vrhova Gorica
0%
Vrhovčak
0%
Vrhovci
0%
Vrhovec
0%
Vrhovec Bednjanski
0%
Vrh Visočki
0%
Vrisnik
0%
Vrpile
0%
Vrsine
0%
Vrškovac
0%
Vrsno
0%
Vrtlinska
0%
Vrtnjakovec
0%
Vrzići
0%
Vučak
0%
Vučani
0%
Vučevci
0%
Vučevica
0%
Vučilčevo
0%
Vučinići
0%
Vučipolje
0%
Vučjak Feričanački
0%
Vučnik
0%
Vuglovec
0%
Vugrovec
0%
Vugrovec Gornji
0%
Vujići Vojakovački
0%
Vukanci
0%
Vuketić
0%
Vukoder
0%
Vukojevci
0%
Vukojevica
0%
Vukomerić
0%
Vukosavljevica
0%
Vukoševac
0%
Vukovije
0%
Vukovje Zelinsko
0%
Vukovo Brdo
0%
Vukovoj
0%
Vukovo Selo
0%
Vuksani
0%
Vukšinec Riječki
0%
Vulišinec
0%
Vurnovec
0%
Žabica
0%
Žabjak
0%
Zablatje
0%
Zablatje Posavsko
0%
Žabljak
0%
Žabnica
0%
Žabnjača
0%
Zaborsko Selo
0%
Zabrđe
0%
Zabukovac
0%
Zadravec
0%
Zadrkovec
0%
Zadubravlje
0%
Zadvorsko
0%
Zagolik
0%
Zagore
0%
Zagradci
0%
Zagraj
0%
Žagrići
0%
Zahrt
0%
Zaistovec
0%
Zajci
0%
Zajezda
0%
Zaklepica
0%
Zaklopac
0%
Zaklopača
0%
Zakopa
0%
Zakorenje
0%
Zakrajc Brodski
0%
Zakrajc Turkovski
0%
Zakučac
0%
Žakule
0%
Zalesina
0%
Zaloj
0%
Zalug
0%
Zaluka Lipnička
0%
Zalužje
0%
Žamarija
0%
Zamask
0%
Zamaski Dol
0%
Zamaslina
0%
Zamlača
0%
Zamladinec
0%
Zamost
0%
Zamost Brodski
0%
Zamršje
0%
Zapeć
0%
Zapoljak
0%
Zapolje Brodsko
0%
Zapužane
0%
Zaraće
0%
Zarečje
0%
Zarilac
0%
Žarovnica
0%
Zasiok
0%
Zastenice
0%
Zastolje
0%
Zatoglav
0%
Zaton Doli
0%
Zaumol
0%
Zaveščak
0%
Zavođe
0%
Zavojane
0%
Zavrelje
0%
Zavrh
0%
Završje Belečko
0%
Završje Loborsko
0%
Završje Netretićko
0%
Završje Podbelsko
0%
Završje Začretsko
0%
Žažvić
0%
Zbelava
0%
Zbjeg
0%
Zbjegovača
0%
Ždala
0%
Zdenčac
0%
Zdenčec
0%
Zdenci Brdovečki
0%
Zdihovo
0%
Ždralovi
0%
Zečevo Rogozničko
0%
Zečev Varoš
0%
Žedno
0%
Žejinci
0%
Zelčin
0%
Zelendvor
0%
Zelina Breška
0%
Zelin Crnoluški
0%
Zelin Mrzlovodički
0%
Željava
0%
Željezno Žumberačko
0%
Žena Glava
0%
Žerjavinec
0%
Žestilac
0%
Zetkan
0%
Žeževica
0%
Zgališće
0%
Žgombići
0%
Zgurić Brdo
0%
Žibrinovec
0%
Zidarići
0%
Židovinjak
0%
Žigerovci
0%
Žigrovec
0%
Žikovići
0%
Zimić
0%
Zinajevac
0%
Žirčica
0%
Žiroslavlje
0%
Žitarka
0%
Žitkovčica
0%
Žitomir
0%
Živković Kosa
0%
Žlebec Gorički
0%
Žlebec Pušćanski
0%
Žlebina
0%
Zleć
0%
Zlobin
0%
Zlogonje
0%
Znož
0%
Zokov Gaj
0%
Zoljan
0%
Zoljani
0%
Zoretići
0%
Zoričići
0%
Zorkovac
0%
Zorkovac na Kupi
0%
Zorkovac Vivodinski
0%
Žreme
0%
Zrinj Lukački
0%
Zrinšćina
0%
Zrinska
0%
Zrinska Draga
0%
Zrinski Brđani
0%
Zrinski Topolovac
0%
Žrnovac
0%
Žrnovo
0%
Žuberkovac
0%
Zubovići
0%
Žubrica
0%
Žubrinci
0%
Žukovec
0%
Žuljana
0%
Žunci
0%
Županec
0%
Županje
0%
Župa Srednja
0%
Župić
0%
Žutnica
0%
Zvečanje
0%
Zvijerci
0%
Zvonik
0%
Zvonimirovac
0%
No matching quizzes found
Score Distribution
Percent of People with Each Score
Percentile by Number Answered
Your Score History
You have not taken this quiz